Statistics for How Many Quizmakers Can You Name?

Click here to take the quiz!

General Stats

  • This quiz has been taken 47 times
    (14 since last reset)
  • The average score is 14 of 4999

Answer Stats

# of TakesQuizmaker% Correct
3,207,092Stewart
64%
54,342CringeDragon
57%
9,684,070relessness
43%
5,873,973scambigol
43%
44,982hi
29%
180,059HinesBrothers
29%
7,007Jerry
29%
793,292Jiaozira
29%
1,150,050kalbahamut
29%
5,177,050Jerry928
21%
51,260MiracleMax
21%
1,331,915WolfCam
21%
357,339Aaron197
14%
405,266alberici
14%
850ALEX
14%
1,309,637CBTemple
14%
57,136dug28
14%
55,191FlabberBapper
14%
1,871,681Gassu
14%
48,573Geographystar
14%
196,822IAB
14%
1,884,877kiwirage
14%
2,723,695KoljiVriVoda
14%
34,871Malkiboy
14%
954Naat
14%
54,137NINJAQKk
14%
110,066OskarRB
14%
1,350Penguin
14%
6,188Penguinish
14%
5,054,228Quizzer6794
14%
37,375SaturnTheQuizzer
14%
24,729ThatNorwegianMapper
14%
30,395UG332
14%
9883275
7%
7,3564321
7%
1,024AGS
7%
56,721alphallama1
7%
188,555Anonim7227
7%
32,326ArgonianKing
7%
1,533atomsline
7%
51,858baptistegorce
7%
15,312benzeller
7%
27,364Berney
7%
2,356Carter
7%
61,927CarterA
7%
104,068cm134
7%
59,633CR7isthebest
7%
110,440CrazyWombat
7%
340,541Daigoro
7%
8,615DeronWilliams
7%
92,166Devvik2
7%
233,507duckling07
7%
64,948Elan
7%
7,744elijahwade
7%
68,080Etanna
7%
60,286FentonsDad
7%
258,851Fouquets
7%
267,797Freely
7%
3,488,297Gamer1162
7%
18,153geographynerd
7%
838,682Geoguy
7%
1,097grant
7%
86,053HelveticaBold
7%
2,279HinesBrothersFan
7%
3,198IceIceIceIceIce
7%
142,464islabonita
7%
1,496JackintheBox
7%
1,828Jacky
7%
4,806jammy
7%
54,183Jarl5
7%
40,961Jato3
7%
1,789JCK
7%
28,591jkr4000
7%
183,613jpedrocm
7%
1,560Levisek27
7%
125,571LovesPoetry
7%
124,217Lucknowite
7%
594,421mac212121
7%
267,363Macaco
7%
55,760MadameDegrassi
7%
2,515mARKUS
7%
9,613Nathaniel
7%
116,316NellyFurtado
7%
56,385nevaeh
7%
536,375nichster
7%
1,796Nikhaz
7%
8,871Nilles
7%
52,051octopussaxophone
7%
16,334overtired
7%
21,230P3nguin
7%
12,678payel123
7%
139,091Pinoccio
7%
5,710plattitude
7%
77,327promastermage
7%
96,830Quickman
7%
8,463Quincy
7%
319,562Quizgas
7%
17,494quizmaker
7%
55,049quizwhizz
7%
2,049rawe
7%
41,154Raz07
7%
4,116rg1227
7%
616,975SaturnPL
7%
62,549savik1
7%
374,283scambiandJerry
7%
132,931Seals
7%
3,274simmo
7%
872SixCrayfish8977
7%
860,499skukka
7%
99,079SnipeLikeYoda
7%
1,991Stef2
7%
100,137stillnotginger3003
7%
59,441stormcrow
7%
966,565ThirdParty
7%
6,375TomHolland
7%
3,372tomM
7%
8,666toowise
7%
51,208USA
7%
1,883Wellington
7%
834Wilson
7%
103,636X2theB
7%
46,853Xabi
7%
60,969Yev
7%
63,343zoedad
7%
56,090zxcvbnm
7%
4,1790011aabbxx
0%
6,12000Rem
0%
5,8110bama
0%
39,821100Greats
0%
3,2341023404
0%
1,2201029384756
0%
4,88810stilley
0%
762114151
0%
1,39811caw13
0%
1,11511person
0%
1,14412345678910752
0%
1,360123rdGambleStreet
0%
1,546125
0%
832127
0%
2,38513lauren22
0%
93113yearoldguy
0%
2,890199
0%
1,4951Direction
0%
7761P4ZZA
0%
4,68723wangyuhe
0%
1,3932454
0%
1,10924fisherM
0%
1,9542glamgirls
0%
3,7612kool4skoolz
0%
1,4383eyedjohnny
0%
9713mma
0%
87745doctorwho
0%
1,1044opposites
0%
30,5235423addy
0%
75254321edcba
0%
2,15455kitten55
0%
7795674danieljiang
0%
1,8465SOS
0%
80,53069ers
0%
1,34069xXSpunkkyB0yXx69
0%
832777ricky777
0%
6,41480bex
0%
5,86181928128
0%
5,44390minutes
0%
17,37890sNostalgia
0%
11,89195Dan12345
0%
1,042998877
0%
1,33199TJS1
0%
6,211A12345
0%
3,477aalexv
0%
814aap
0%
1,472Aarif
0%
778aarnold222
0%
1,711aaron11778
0%
2,948Aaron8552
0%
8,876Aaron89
0%
1,074aaronc123
0%
2,008AaronMTCD75
0%
1,397AaurigaBlack
0%
1,210ab17
0%
1,716AbbeSuger
0%
1,229abbiec
0%
26,218AbdulKebabdul
0%
1,465abdulla
0%
3,163abefabe
0%
42,072abewall11
0%
1,476abi123
0%
921Abidoumbilla
0%
1,308abigailandchris
0%
3,006ABritishCat
0%
749absoftball
0%
1,162AC
0%
3,189acable17
0%
883ACatz
0%
1,183Account
0%
2,986Ace2alf
0%
2,075ace99
0%
2,006Achill15
0%
7,296ACIREMA
0%
1,502acka
0%
41,101ackbar
0%
813ackermap
0%
858ackjack
0%
1,030AcornBigga
0%
1,253acwil96
0%
1,136ACynicalQuizzer
0%
9,105Adam3333
0%
5,138ADAMBRO
0%
2,257adampayne
0%
3,983adamsmith1234567890
0%
99,346AdamSutherland
0%
1,025Adamsz
0%
4,949Adaname2
0%
2,450adarbz78
0%
1,482AdBeSTy
0%
2,886adegeorge
0%
14,420Ademix7
0%
800Adexox
0%
2,237ADHO15
0%
1,187adietz17
0%
1,093ADPW
0%
858adri7300
0%
1,376AdrianThePoet
0%
50,285adrmcm
0%
2,912AdumOnline
0%
1,971AdyXD
0%
951AEdison
0%
19,216Aeez
0%
6,394Aegidrom
0%
1,550AeroCosmic
0%
9,765aertzc
0%
4,262Aesthus
0%
1,092afdgawetjmetna
0%
1,065AfroDinosaur
0%
2,526Afsfaith
0%
2,388agab23
0%
2,795Agi
0%
1,307AGIZZO23
0%
1,077agoumluvscoco
0%
3,358AGS040400
0%
1,026AGSchmitt
0%
4,752agvii
0%
35,629Ahawkshadow
0%
8,308AI122798
0%
1,120aidangilbert
0%
4,572aidanrocks43211
0%
839Aiden23Brown
0%
1,889AiJiyao
0%
972Aikez
0%
7,645Aims
0%
788Aincradius
0%
2,850AivonDirdam
0%
736ajaxxx69
0%
2,235ajb
0%
819Ajtias7
0%
1,250AJwolf
0%
20,419AK7
0%
1,509ak89
0%
104,673Akasnah
0%
3,932akline34
0%
4,807akosiSECRET
0%
3,812aKrzok
0%
1,490Aksenov
0%
15,018Akubus
0%
87,377Akula
0%
1,258al18bus
0%
7,905Alain75
0%
1,363alanis
0%
2,081albell93
0%
1,638AlbertK
0%
5,099albest
0%
1,293Albues
0%
938alburquirky
0%
5,540AlbusDumbledore12
0%
831AlcaP0BigD0Lurk0HerbEssence
0%
1,770alderson
0%
27,525AleckrulesOK
0%
1,218alegiovane
0%
739ALEX112
0%
1,023alex19284
0%
1,122Alex1sk1ng
0%
2,483alex2108
0%
1,680alexaf2019
0%
2,545alexakj02
0%
982AlexanderdG
0%
4,172AlexanderQ
0%
3,233AlexanderTheLarge
0%
7,856alexandrahrose
0%
2,996alexandre26
0%
15,046AlexC99
0%
1,594AlexDaigle
0%
1,835alexiaa
0%
2,832AlexiaBrunhara
0%
1,504alexjaksic
0%
1,058AlexJohn2000
0%
1,045alexm72
0%
1,500AlexMunoz
0%
1,699alext742
0%
780alfieg6
0%
46,143AlfieJMD
0%
1,348Alfonzo8
0%
1,058Algernon
0%
2,105alhpfan
0%
1,329aliciaramosgila
0%
739Alig873
0%
1,379AliHamilton
0%
4,631AlisGato
0%
2,742Alisson
0%
1,926Aliteraldog
0%
2,461alk17
0%
1,859Allah
0%
810allanandlaraie
0%
1,212allanscott321
0%
783alleb002
0%
1,619AllenY
0%
3,781AllezParis
0%
982AllieG
0%
771Allspark
0%
847AllyCat7575
0%
1,486alottawarmheart
0%
1,014Alruneia
0%
6,977altaica
0%
1,863AlvaroAragon
0%
3,657AlwaysKeepThe5
0%
808Alyssa22
0%
1,380alyssalee94
0%
1,474am123
0%
1,140Amagicalpirate
0%
1,696Amara2
0%
2,667amazingampharos
0%
4,387ambanca
0%
14,289amber423
0%
4,189ambisk123
0%
1,250AMBROSELADSx
0%
186,326Amburr
0%
10,923AmeerSkyscraperBennett
0%
4,709amelia14502
0%
903Amenumenemena
0%
1,080amgine
0%
1,787Amiiville
0%
980AmyAnderson
0%
2,930AmyJane0511
0%
8,704amystripes
0%
16,630AnabellaEvans
0%
2,011AnAlbumCover
0%
1,017Anastasiac
0%
5,013anavil1234
0%
6,418ander217
0%
899AndersonFCS
0%
1,583Andinooo
0%
4,375AndreaLago
0%
1,533andreitomy
0%
4,730AndrewIsGreen
0%
2,039AndyB92
0%
3,323andylindao
0%
3,364Andyman
0%
866AndytheBaker
0%
4,387Andyweiss22
0%
7,906aneys
0%
10,859anferleal
0%
168,071angel0703
0%
791angeloantivo
0%
9,490angelu91
0%
1,447angrobper14
0%
807angusmckay
0%
1,709Anika3
0%
1,109animalas
0%
1,979AnimalGenius526
0%
3,404animalkasey
0%
921Animegrl
0%
36,242Animekpop1031
0%
748ANIVID
0%
5,720anjoby
0%
1,297annabelbaldwin
0%
2,464Annie123
0%
948anniebii
0%
1,392annoyingsquirrel
0%
11,592anonymousrbarm
0%
17,188anorak16
0%
1,209Antagonise
0%
8,408Anthelme
0%
34,134Anthony121
0%
1,357AntoineGr
0%
1,341anton19
0%
1,207antonio2001
0%
8,668anubis101
0%
2,296Anzi
0%
4,740anzu276
0%
1,975ap0988
0%
1,007APHNordics
0%
14,164aphrodite
0%
27,152apocalypse
0%
2,791Apocalyptic
0%
3,523apod13
0%
2,787Apples22
0%
2,780applescrumper
0%
1,122aps
0%
2,457Aquarius17
0%
935ARCD
0%
8,313Archang3l
0%
1,147ArchieSouppppp
0%
47,677ArcoIris
0%
3,038ArcticFrost
0%
3,124Ares215
0%
10,030ariane5
0%
912arielmartinez199
0%
2,396Aries12
0%
3,112armorie
0%
1,240ArnoNano
0%
8,493Aron66
0%
1,385Arp963
0%
2,586arres82
0%
4,540Arron321
0%
5,951arroya
0%
787arsenalfan26
0%
2,907artem
0%
1,955Artix
0%
893ArturBelotto
0%
738Arty
0%
133,376Ascro95
0%
1,131ASD5
0%
3,842asdffdsa
0%
1,904asdfghjklzxc
0%
1,150ash24
0%
6,198ashig598
0%
889AshleyHH12
0%
973Ashmario
0%
6,955Ashsha1
0%
12,579AsianMangos
0%
5,184asp
0%
788astonjay27
0%
891Astroman
0%
1,050Asuki
0%
1,417atchius
0%
5,864atchoum
0%
970Athena
0%
4,274AtlasBoy
0%
898atlleder13
0%
12,406atothenthony
0%
2,162AtripleN
0%
1,320AttilatheHutt
0%
1,315attubat0
0%
833AuburnAttack21
0%
3,811August1218
0%
2,546Aullman21
0%
4,179AUSCUBA
0%
2,149Austin1229
0%
1,503AustinBaker123
0%
7,059AustinLee
0%
26,916AUSTINMAHONE74
0%
1,778australianviking
0%
1,343australie12
0%
765Austriahungary1918
0%
2,835AvadaK3
0%
996Avaldon
0%
868Avande14
0%
1,293Avappy
0%
20,141Averl
0%
1,525Averskaj
0%
1,410aviationfan8888
0%
910Avixior
0%
4,415awbatman500
0%
4,710Awcak
0%
2,185AwesomeAnna10
0%
5,995Awesomefacerox
0%
1,201awesomeguy
0%
909awesomeman2000
0%
7,829Awesomeness101
0%
1,573awestato
0%
782awetbag
0%
1,213AWhite
0%
6,653AWSM
0%
1,563ayan19
0%
1,608AyeRae
0%
3,756Aymeric
0%
1,800azerifactory
0%
7,825Azgyr
0%
1,006AZMruczek
0%
1,630Azog1234
0%
905Azuca
0%
1,004B13Bingo
0%
1,062baanjiesheepson
0%
2,101bababongoa
0%
801BabaManda
0%
1,412Backforward24
0%
4,192baconator3000
0%
1,975BaconBoy
0%
1,076badass
0%
1,996badboy007
0%
3,331BadNewzBambi
0%
2,272baeckford
0%
1,082baeksoo
0%
1,187bahamas7
0%
1,540Bahvoila
0%
2,582Bajzon
0%
982Balik
0%
1,505ballarn
0%
8,442ballet4evr
0%
14,040Ballingthe34th
0%
1,377ballislife101
0%
2,646BallumItfc
0%
1,509Baltimorean
0%
1,154bamagal1012
0%
1,351Bambo
0%
18,143BambooCrunch
0%
3,341bamfank
0%
3,016bananallama
0%
17,570bananaroom
0%
16,790Bandi
0%
1,082Bang3
0%
3,873bantermaster
0%
3,355Banzbanana
0%
3,173Bar73k
0%
1,408barbiwithoutane
0%
899Barbruh
0%
8,001barca11
0%
3,666bardAF
0%
1,384Barretttipps
0%
2,874Barry90
0%
5,633Barsoin
0%
941bartekblyskol
0%
9,310bartezz91
0%
3,822BartoszW01
0%
1,994BartSimpson
0%
1,044Barwiggle
0%
988baseball27
0%
1,265basspondra
0%
2,071Basti4
0%
3,396BatGuin
0%
1,021Batmansharks1011
0%
1,887Baudelaire
0%
2,828bb165695
0%
1,055bballerrox
0%
27,266bballkidnj9
0%
8,632bbalsiger
0%
32,051BBENSoN
0%
2,916BC11
0%
2,144BCFC
0%
2,254BCIS
0%
8,843BCS010
0%
1,182bdog2424
0%
2,468beachhouse
0%
3,276beans
0%
1,045bearfoot21
0%
7,162bearpeloso
0%
26,530BeastBoy141
0%
1,269Beatles
0%
5,306BeatricexLove
0%
18,781bebn123
0%
800beckristina
0%
85,437Beefcake
0%
2,277beekash
0%
4,473Beelzebabe
0%
1,600Bees
0%
1,995beeshus
0%
2,468beesixpack
0%
23,871beetboy12
0%
970Befittrain
0%
3,211beforeandafterscience
0%
15,321BehindPL
0%
3,620BehYeahBro
0%
1,423beka1
0%
889BelieveInAmbrose242
0%
2,427ben6
0%
908benbrown1221
0%
833bencooper25
0%
1,918bengg55
0%
1,735Benisiamh
0%
1,408Benjaminredsox
0%
833benji2525
0%
2,114benji3535
0%
2,556benji777
0%
8,670benjisarocks21
0%
1,881benjjackcoop
0%
1,112Benjosieph
0%
4,341bennedjari
0%
753BenRocNY
0%
964benwindsor
0%
888BenWinter
0%
1,058berchy
0%
2,804berengari
0%
995Bergiboy
0%
4,297BernabeEtRobert
0%
1,126BerryMcOckinner
0%
5,754berrymuffin
0%
2,602bertomeca
0%
907Bestofthebest
0%
2,232bethandchev
0%
2,286BethanyJade
0%
10,752betsy1997
0%
1,696BettyToo
0%
1,060Beuys
0%
887bevans
0%
867Bewilderforce
0%
37,073bewins
0%
753bezi
0%
7,952Bezimienny
0%
1,105bfinch
0%
2,427bgee82
0%
5,017bgimeno
0%
1,972bhannon
0%
1,368bhfenn01
0%
5,448Bicky101
0%
8,331bifolco
0%
2,419big2time
0%
47,969bigbadkid
0%
14,590BIGHOMIE4LIFE
0%
4,841BIGman
0%
1,589bigmix13
0%
793BigMKP
0%
788bigshota145
0%
1,522BigSillyGoose
0%
1,344BigTimeJimmyTim
0%
21,097BigTitanicFan001
0%
1,031BIGWRM12
0%
2,807bill69
0%
848billbob
0%
2,683billysimmons12
0%
51,253billz
0%
754Bingo22k
0%
1,405bingoseventeen
0%
68,077binja321
0%
825BioBroly
0%
1,911Biologist18
0%
1,181biologykquiz
0%
962BishnuMcgee
0%
771Bismillah
0%
2,420Biya2580
0%
779BizarroTommy
0%
12,385BizsnatchPotatoFlake
0%
1,395BJW21
0%
3,043BK422
0%
3,139blackadam4
0%
1,032blackhawks95
0%
12,159BlackLab
0%
1,461BLACKMAN
0%
33,120blackrussian13
0%
904BlackSkeeleton
0%
748BlackToadKillerGames
0%
28,695blairwaite
0%
2,280blakey34
0%
858blaz
0%
2,886blaz302
0%
884Blaze12345qa
0%
1,124blazin
0%
901blazingburst2016
0%
1,530bleedgreen19
0%
14,988BlendedCow
0%
97,876bleumarine22
0%
1,010bleurghdinosaur
0%
2,430Blick
0%
1,133BlitZarD99
0%
1,592Blocky3344
0%
14,929Blokerek11
0%
835blooddrunk1995
0%
748Blue3
0%
32,269blueanteater
0%
2,223blueb0g
0%
6,811BlueDevil419
0%
1,015BlueJohn
0%
3,190BlueNote
0%
1,306BlueShark
0%
1,014BlueSoup
0%
753bluethekid5
0%
23,393BmL4
0%
3,063bmullan123
0%
2,562Bobbly
0%
1,927Bobby09
0%
745bobbystrahler
0%
21,348bobduncan37
0%
2,258BobSaget
0%
944bobschriner
0%
790bobster1001
0%
7,253bobsteve
0%
1,655BOCOWolverine
0%
9,360bodbod299
0%
28,043bogomir
0%
1,807boing2204
0%
6,298boldiliciousxx
0%
1,567Bolton20
0%
133,454bomber184
0%
1,260bombgardener
0%
2,833Bomerang
0%
2,281BoNapoLeo
0%
1,505bonovitdw
0%
1,597boobear287
0%
824book81
0%
1,085booowahh17
0%
2,591Boorich
0%
1,770BoraBahea
0%
927borenox
0%
3,542Boro
0%
1,555borsukers
0%
45,264Bosna
0%
1,204BossAtMaths
0%
3,203BossMan12345
0%
1,588bossssss
0%
11,185boston77
0%
8,381BostonBoy
0%
7,889Bouquet
0%
2,972Bowixel
0%
6,694BowlBoy
0%
1,420BowserQuizzer
0%
865boxnbubble24
0%
2,193boy3313
0%
1,614bp195
0%
2,113bpfh
0%
1,718bprophet
0%
1,177Brain178
0%
4,511brains4zombies
0%
10,800Brandon691
0%
4,666brandonman
0%
16,399brandybuck96
0%
1,389Brasier
0%
3,999Bravo1988
0%
3,564Brazedowl
0%
1,773breezy
0%
7,352Breizhou
0%
2,827BrendanPart
0%
2,242BrenJay14
0%
4,299Brewmaster531
0%
2,956BrianAguilar
0%
1,128Brianix
0%
8,448Brickie
0%
46,025Brickster
0%
772bridgetHunt
0%
10,164bridog8456
0%
827BroadwayBean
0%
4,907Brocalah
0%
5,979BrodaczQuiz
0%
1,350BroncosFan
0%
1,482Bronte17
0%
3,008Brooksie
0%
2,295brooooooooooooo
0%
43,469BrosephStalin
0%
3,538brubru
0%
3,107Bruin8774
0%
10,174brunogabrieleok
0%
922Brutez
0%
1,736Brvt94
0%
2,461Brynana
0%
4,461bsa0001
0%
934bsalcedo24
0%
9,013bsbband1
0%
788bsherms32
0%
1,341Bton
0%
1,368bub72ck
0%
18,676bubbabubba23
0%
2,048Bubblebathmonster
0%
2,544Bubblecat
0%
1,530Bubblegum
0%
742,120buck1017
0%
20,369Budjetivaje
0%
968Buggah
0%
4,766bugmenot
0%
4,736BugsBunny
0%
1,248bugsbunny007
0%
1,089BumbaQuiz
0%
8,058Bumblebrook
0%
6,581bungie11
0%
1,453buninator1130
0%
1,662Bunnie
0%
80,624burntfrost
0%
12,709burtviile
0%
11,989buscfc93
0%
1,654Busman24
0%
1,465ButternutSoup
0%
1,516buzzer
0%
1,027BuZzYx
0%
1,565BVB
0%
1,873byczu
0%
1,881BZ10
0%
12,280C101
0%
5,635C310
0%
905C3Shepherd
0%
1,505Caac212
0%
2,847caameel08
0%
11,597cactil1204
0%
1,743CactusJones201
0%
2,149caesar123
0%
1,074caglesbagels
0%
2,673Cahill2
0%
48,643caiocpr1
0%
1,011Cairnholm
0%
3,022caketinp
0%
946CalCanuck
0%
2,419Calce1987
0%
1,055calebthemathman
0%
844Call96
0%
1,425Calleja
0%
4,784CallumS
0%
48,571CallumSCFC3
0%
33,056Calum
0%
2,563cambam10798
0%
15,665Camelback
0%
1,705Cameroii
0%
1,593camilafurtado
0%
33,060Campioni
0%
788Camponhoyle
0%
69,463camus
0%
4,676canadianeh
0%
961canadiangirl
0%
896canadiangirl91
0%
3,475CanadianKid
0%
29,057canarinoir
0%
2,606Canautz
0%
1,498candybar9000
0%
1,522cannelle
0%
790cantthinkofausername
0%
5,257Canuckfan42
0%
3,694canyon
0%
6,360cap95
0%
1,162CapesQuiz
0%
1,751capsmack123
0%
11,430captaincam
0%
745CaptainHumanLogic
0%
879CaptainM
0%
879CaptainShadow
0%
3,255carawebo
0%
5,078Carbz
0%
1,685cardomon
0%
2,429Cariedes
0%
3,844carloswri
0%
905Carolololiee
0%
6,298Carrie
0%
1,162CarrieC777
0%
1,907Carrion
0%
969Carrot29
0%
1,397carrow
0%
2,038Carry
0%
1,643Carter17
0%
1,079Carterrrrr1
0%
962carti
0%
1,346Casalex
0%
980caseymcavey
0%
746Caskar
0%
1,938Caspy
0%
3,574CassidyCruize
0%
2,909CATALONIAFREE
0%
18,732catcat
0%
3,625catcat144
0%
3,793catem201095
0%
3,442catherine123445667
0%
1,500cati
0%
1,584catie13r
0%
99,258catlover2496
0%
1,085Catpunk
0%
9,702catteberry33
0%
1,058cattivakate
0%
11,730ccmcindoe99
0%
16,369cdhaptomos
0%
939CDRL
0%
1,071cds
0%
3,922cdserio
0%
5,171cdubb
0%
7,035cdubb2
0%
764Ceasstricat
0%
2,331cedje
0%
161,076Cedo
0%
2,125Celloninja
0%
1,292CelticPogo
0%
1,433CenturioAnglicorum
0%
27,787cerealkiller
0%
993CesarMattos
0%
992CesaroPaigeRhodes
0%
2,809cespedes
0%
3,931ceylan
0%
1,062Cezaer
0%
1,070cfsoccersam2
0%
2,919chada07
0%
1,004Chadankel
0%
3,832chaddo
0%
3,508chadsta
0%
4,883Chalmers2243
0%
2,056Championship41
0%
5,873Chance26
0%
781chanchorno
0%
39,479ChanelNo5
0%
915ChanelSea
0%
48,605chaosBEE
0%
21,700ChaoticBlitz
0%
1,516Chapa
0%
3,617chapperz
0%
5,174chaps96
0%
2,601charaw89
0%
1,488Chargers523
0%
2,445charles5
0%
3,323CHARLESREGENTS
0%
2,688charlie07
0%
2,557Charlie14
0%
30,915charlie33
0%
941charliecutler
0%
7,588CharlieeDru98
0%
3,207charliejames1998
0%
3,715charliesablor1
0%
1,129charliewr
0%
1,503CharlotteHT
0%
3,051charltoncraig
0%
747Charmander
0%
850charrison
0%
889ChaseRiver
0%
796chavKappa
0%
1,275ChazAustin
0%
22,802chazza420
0%
921cheapterri
0%
2,455Ched
0%
2,551CHEDEVANS
0%
3,201cheerleader
0%
6,860cheervolley1012
0%
1,217cheeseboyjr
0%
1,393Cheeseburgerz
0%
6,013CheeseWizard
0%
1,180chefbryan
0%
751chefdecouscous
0%
3,001chelseafc
0%
1,190ChelseaFC09
0%
1,005Chelsealuke1998
0%
989chelsL
0%
34,466chempstead98
0%
2,305chero
0%
2,007Cherry8
0%
5,284Cheshire
0%
2,083chestnut
0%
4,865chevyfan1
0%
890ChicagoMaddog
0%
47,790chichitata
0%
736chickenwaaangsandmozie
0%
3,665Chicks88
0%
5,236ChiefofTime
0%
953Chiffou
0%
7,869Chillimummo
0%
1,015chocogamer72
0%
2,871ChocolateBrauny
0%
2,026Chocolover1053
0%
6,951ChocoXVIII
0%
1,812chom
0%
27,336chomczakowa
0%
2,028choosegoose
0%
961Chorino
0%
1,232chrif47
0%
7,917Chris7
0%
2,529Chris8787
0%
3,644chriscotter5
0%
744chrissy24
0%
1,138Christa613
0%
14,183ChrisTheG815
0%
6,292Christianaldinho
0%
3,252Christoph
0%
1,464Chubbach
0%
37,916Chubzorz
0%
812chuck
0%
1,700chuckisgod1967
0%
987chunkeeguy
0%
8,273Churchill1
0%
842Cimera42
0%
2,386cinderelly
0%
3,598cioller
0%
8,291CitizenKahn
0%
1,676cjm
0%
13,335cjwestaus
0%
12,284CJZ
0%
2,857claj40
0%
794Clampgod
0%
42,343Clare
0%
7,024claripound
0%
2,836clarkeyboy321
0%
1,491ClassicWhoFreak
0%
13,402Claudine2306
0%
955Clay3232
0%
1,731Claybrom
0%
7,954ClaytonCarte
0%
1,075cledun
0%
5,742ClemBeau
0%
4,467clemens
0%
6,927Clemfrance
0%
1,851Cleverer
0%
790ClintSA
0%
6,687clivey
0%
912Clojoe26
0%
5,222cloring13
0%
3,802CloudAbove
0%
1,059Clutch30
0%
21,884CMJ
0%
3,070cntower10
0%
1,279co0lmari0
0%
3,768coach316dc
0%
941cobraaahhh
0%
2,931cococolm
0%
2,454codewekser
0%
841CoffeeFan
0%
9,908Coffindodger
0%
1,147colariz
0%
1,682colby123
0%
11,370colematthew
0%
16,810Colesy
0%
1,277coleypoke22
0%
955ColHogan
0%
18,853colinfarris35
0%
969ColinZ
0%
30,810colmaggio
0%
6,877comebackid
0%
18,487comedianbynature
0%
4,911communisteggplant
0%
6,106ConfusedYeti
0%
31,546Connor3
0%
2,966Connor4123
0%
759connormcintyre
0%
1,970conor845
0%
3,583Constantinos
0%
18,519constantinosgr
0%
1,044conte97
0%
2,342cooke98
0%
10,028CookieAvalityMon
0%
1,013cookies
0%
5,025cooldog60
0%
2,435CoolDood
0%
3,889coolguy6
0%
3,274CoolHwhip
0%
2,327CoolUsername123
0%
789coop123456
0%
1,369CooperGaming
0%
1,362Copercohen
0%
909Cordobes2011
0%
876corlos
0%
3,083Corm29
0%
11,975cornflakesfu
0%
34,879correa91
0%
1,894coryhunter
0%
975cosmogirlie
0%
565,887cosmokim
0%
4,750Coucou11
0%
1,274CoucouFofi
0%
773countriesoftheworld
0%
4,707CountriesQuizzes
0%
809CountryDaisy
0%
2,026CountryKnowledge
0%
1,981countrymad
0%
1,539cox1234kooloos7
0%
109,478Coyuznik
0%
1,357cozy
0%
1,697cp0793
0%
3,785CP43
0%
801cqcrt
0%
33,459craigsnyder
0%
14,511Crantor
0%
3,167craven
0%
1,070CrayCray
0%
796CrazyAsya
0%
783crazyei8hts
0%
12,911CrazyKatie
0%
3,849crd678
0%
1,565cRedditor
0%
2,306creepyenderman
0%
4,645crespipal
0%
8,725CricketLegend06
0%
1,531cricketwes
0%
3,583crinklypanda
0%
7,600CrisGala
0%
1,566CrossMark
0%
1,212Crowlar
0%
884crupp12
0%
4,406crwittner
0%
1,028CRZephyr
0%
115,118csgong2
0%
1,161csmirus
0%
183,146CtG526
0%
1,773ctorr22
0%
68,113cty
0%
245,281cuotak
0%
1,703Cupcakes101
0%
1,495cupoftia
0%
3,346cuppycakesandsweets
0%
2,359cursivethelion
0%
1,785cuspith
0%
1,085cutie123
0%
1,562CVPS
0%
10,529Cwej
0%
6,405Cwink4
0%
1,319cwjakesteel
0%
1,006CyberSnare
0%
158,760Cyn
0%
1,392Cyx
0%
6,040czarek8
0%
6,560CzarnyAnonim
0%
3,453czechmate
0%
1,037Czerwcuu
0%
1,620Czortu
0%
2,516D0GGY
0%
1,914D4J0HNM45T3R
0%
982D4nm4n97
0%
1,242D4remyth
0%
3,535Daams
0%
793daanye
0%
2,318dabeast04
0%
8,619DaBideX
0%
1,201daedricprince22
0%
16,818DaftDayan
0%
8,269dagooseisloose
0%
3,042Dakes
0%
2,327Dakootadunseph
0%
6,751DaleCooper
0%
18,242Dambru60
0%
3,883damian23k
0%
5,763Damianw
0%
23,444DamonGray19
0%
1,133damoz7
0%
994dan0923
0%
1,312DanAlec
0%
878danascully
0%
3,670dance4evr1999
0%
961dancemoms5280
0%
765Dancer123
0%
1,157dancer824
0%
5,402Danem20
0%
3,156dang
0%
772danhewson1
0%
2,543Daniboyy
0%
1,932Daniel11815
0%
921danieldias
0%
1,118DanielEvans
0%
3,662DanielleMarie
0%
1,266danielosek
0%
5,147DANIELPORTER
0%
1,193danirosa
0%
3,566danneusz12
0%
1,998dannynelson94
0%
14,921DannySensei
0%
1,483dannyt311
0%
1,449DanQe
0%
1,511danse29
0%
2,802dantheman156
0%
1,048Dantrino
0%
899DapperAlpaca
0%
1,036daquizmastar
0%
2,606DarioKarim
0%
1,063DarkAngel24
0%
1,737DarkKnight2695
0%
738DarkMercury
0%
3,748DarkPunk
0%
4,180Darkshroud3
0%
5,337darkyelmk
0%
4,449DaronAndSerj
0%
8,678DASquarePeg
0%
13,726Dastan
0%
5,518dasubergeek
0%
1,978Daugilas
0%
2,581Dav90
0%
1,029Dave12
0%
9,969Dave2001
0%
1,821dave3d
0%
3,026davedean1
0%
1,747davehhockey
0%
902davemcarlson
0%
1,995davesjetpunk
0%
2,804daveyp222
0%
9,612david2013
0%
792DavidClaro
0%
4,709daviddos
0%
2,283DavidGoodman
0%
899davidjoyce35
0%
41,749DavidScullySport
0%
1,630Davied
0%
50,827DavonK30
0%
925davwil29
0%
6,627dawidbasiak
0%
748DawnMirror
0%
3,020Daxon
0%
1,513dazlatan
0%
1,110dazzler
0%
1,644dbailey
0%
1,388DBCooper
0%
944dbh211
0%
18,276Dblingah
0%
2,223dcasey
0%
1,164dcullivanio
0%
21,429ddavis63
0%
3,508ddg
0%
13,248DE60
0%
3,661deadboy59
0%
3,221deadman624
0%
1,004Deadmaster
0%
1,401Deadralord777
0%
1,340DeadxachXD
0%
4,519deanbeany
0%
885deannhale
0%
786deathbyfire
0%
6,378Debant
0%
1,461dec2k
0%
1,143decbarham00
0%
5,808decklez89
0%
1,221declan
0%
2,173declanaw
0%
2,562deco160160
0%
1,415Dedennedog
0%
1,824dedicated
0%
9,801deekei
0%
8,873deepfern
0%
1,131Deepon
0%
7,091deivis82
0%
2,250delky06
0%
1,676Dellboy95
0%
1,440delseyroo
0%
3,032deltadirac
0%
59,097deltanz
0%
1,008delucrist
0%
1,825DeludedRhino
0%
857Denzal
0%
866Depcio
0%
2,044dequizPunk17
0%
2,001derek100
0%
79,064DerMan4
0%
2,967Derpy
0%
1,537DerpyDude1111
0%
936Desscolon
0%
1,489Detlef
0%
810DeusCaritasEst
0%
883devenravipati
0%
794devinson5
0%
4,299Devondragin
0%
1,441DeweyFinn21
0%
1,332DewgongFTW
0%
8,419Dezz
0%
805DforDom
0%
891dg48
0%
11,707Dhamo9585
0%
3,185Dhany786
0%
8,617dhc94
0%
1,124Dhian12
0%
1,069dhimes620
0%
756Diamond1803
0%
3,957DiamondDust
0%
2,009DiamondNarwhallord
0%
11,599dianalove
0%
2,820DicedRice
0%
803diego111100
0%
1,984Diggerdog77
0%
10,046Dijko
0%
1,095DillonIsKing2
0%
6,778Dink
0%
1,350diondublinwowdoge
0%
3,348directioner5130
0%
884directioners101
0%
4,720dirkster42
0%
1,961DiscoBayGolfer
0%
1,171DisneyFR
0%
23,132District4
0%
842divaditya
0%
2,955Dizl
0%
3,612DizziIzzi
0%
10,790Djai
0%
1,886djariczek
0%
18,486djgab
0%
4,235Djilas
0%
60,452djulbulbul
0%
3,078dkm1981
0%
2,055dknepper4
0%
1,845dkq1ya
0%
943dmeuesen
0%
5,679dmg1mn
0%
2,640dmitrij
0%
1,424dmmsandy
0%
1,032dmpons21
0%
809DNS
0%
1,406Dobbo
0%
3,592dobz95
0%
2,250doccheznico
0%
3,077DocEnt
0%
1,109DoctorAnderson
0%
4,809DoctorAnimagus
0%
1,640doctorwho69
0%
834dododada25
0%
1,084Dodolemming
0%
5,095Dogan
0%
1,564DogBaby
0%
11,368Doggies
0%
4,479DogLover1358
0%
1,923dogman1
0%
1,600dogryan100
0%
12,953Dogtamer
0%
3,343dolphinboy1637
0%
2,563dom45t6
0%
2,086dommo
0%
18,674domoronnoc
0%
1,886domster
0%
2,621domvog
0%
1,486DoneAndGone
0%
7,771donkeyman314
0%
1,779donniedarko
0%
11,609Dontneedone
0%
4,590DonutDoctor10
0%
2,689Doody
0%
8,716doodyman
0%
2,694Doozer10
0%
1,156Doppelganger
0%
776Doshy
0%
1,249DoubleA
0%
1,383Dounyy
0%
2,395dovallemais
0%
1,451Dovequiz
0%
1,122downtown1979j
0%
4,018DPezza
0%
15,560Dr3su
0%
1,068DracoMalfoy
0%
1,426DragonHunter
0%
820DragonsImagined
0%
2,174Dragonwolfy
0%
2,105Dransik
0%
6,462drchurros
0%
1,627drdelish
0%
1,552drdx4
0%
5,184drea236
0%
1,316dreamteam
0%
4,408drewfusmcge
0%
1,410Drewhunter45
0%
2,804Drewmoo
0%
8,483Driferano
0%
3,597DrinkYourMilk
0%
754DrivingPark
0%
9,562drLuigi
0%
1,634drowningmafiafish
0%
3,628drq489
0%
2,533DrunkGolem
0%
1,124dryraisin
0%
1,078dsmi163
0%
4,276Dstout01
0%
1,836DTyle
0%
409,768dub
0%
804Dubra32
0%
1,586Duchnikovsky
0%
2,091duckace
0%
1,487Duckieduckduck1
0%
2,305dude2cool
0%
810DudeeQ
0%
769dudemcface
0%
1,161DudiJames
0%
16,977DudiJG
0%
1,975dufus5
0%
57,122duhhnielle
0%
939DumpyNose
0%
6,802dun0015
0%
6,659durstand
0%
6,933Dusey456
0%
989DutchaintDutch
0%
776dutchmaster
0%
1,667duwang
0%
3,852dvd2056
0%
904DVIR
0%
8,181Dvszzq
0%
862Dwade
0%
2,310dwarfoscar
0%
14,357dwaszopy
0%
1,781dwideschrude
0%
2,863DwigtSchrute
0%
6,118dwo
0%
1,172dwyanewadeisgoatgg
0%
1,432Dybala10XI
0%
8,798Dyenvh
0%
58,278Dyl
0%
3,742dylbert96
0%
867Dyma
0%
784dyniol53
0%
7,915dzagorski
0%
1,421dzelei
0%
3,822Dziki
0%
26,088Dzuljet17
0%
32,285eac14
0%
2,994eaglesfan6
0%
1,003Eagleslap
0%
1,065EC100
0%
96,160Eccljo
0%
4,766econ4evr
0%
9,862ecp
0%
932ed500
0%
1,736eddiecastro33
0%
2,965edengineer
0%
878edg93
0%
2,554edgaR
0%
821Editor527
0%
7,994ednelson
0%
2,464EdPsycho
0%
9,620edwininlondon
0%
1,154edzio
0%
2,875effeietsanders
0%
2,083ehkopperud
0%
3,465eibi
0%
1,106eidoloneater
0%
883Eigengrau
0%
948eject
0%
974ejsmith85
0%
2,606EK
0%
124,261Ekrousee
0%
1,007el23diablo
0%
1,655Elasticsloth25
0%
16,873ElCanuck
0%
3,082elderm
0%
1,314eleison
0%
921Elementity
0%
1,792elenina18
0%
1,547elfaly
0%
1,690eli123
0%
1,077eli5penguin
0%
1,534EliasDzPlay
0%
1,934eliaz55
0%
2,107elie85
0%
3,610eliparker
0%
1,217EliseAlex
0%
862EliTheGreat33
0%
21,201ElizaRome
0%
791elk123
0%
824EllacottRavPuk
0%
4,115EllaFz
0%
3,502Ellerstrand
0%
4,396Elmarius
0%
1,389ElNugento
0%
1,278Elouisa
0%
1,443elraphalafel
0%
1,310elraymo
0%
1,926Elvoalven
0%
2,040Elwing
0%
1,123em182
0%
882Em1995
0%
3,113em2133
0%
1,608email4kate4
0%
2,707emeraldgreenn
0%
3,480EmiKU
0%
2,422EmilioL
0%
1,003emiliot
0%
2,599EmilioYaveutzVila
0%
790emillo
0%
2,421emiloLL
0%
5,893emily26
0%
1,832EmilyA
0%
6,564emiram
0%
1,141Emirhan
0%
5,689Emmaaa116
0%
2,445emmaleigh21
0%
3,006emmalouxo
0%
883emmap714
0%
793emmbel
0%
1,240Emmy3
0%
2,013EmojiKing
0%
13,163EmoPhase
0%
1,721EMRB
0%
2,123ems9070
0%
2,493Emsi2252
0%
914emwcee
0%
2,339Emyr
0%
1,364Enaloga
0%
12,247encourage
0%
3,389Enelabe
0%
831EnergyShock
0%
769engeleislingen
0%
822englishsystem
0%
1,009Eninek08
0%
3,153Eniotna00
0%
4,383Enora
0%
2,882enskai
0%
1,740EnterNameHere
0%
45,864entertainmint3
0%
5,074eoghanC
0%
3,766epicdjyoshi
0%
6,131Epicea6
0%
3,467Epicx
0%
763Eragon32150
0%
4,102Erattacks
0%
1,879Ereswent
0%
5,480Eric
0%
1,345ericadarling
0%
1,658ericshen69
0%
1,271erikjanssen
0%
4,392erikkarl93
0%
810erinw14
0%
2,057Erised
0%
1,636Erissena
0%
1,183Erlarcrarck
0%
10,726Ero
0%
975errie8906
0%
3,448ers1000
0%
1,127erwint0920
0%
3,498EssieNL
0%
5,085Etania
0%
1,782Ethan23
0%
930ethankirk94
0%
1,451etirod10
0%
1,542Euphonie
0%
22,575eurocrem
0%
16,107Eutychus
0%
2,733evacooper
0%
3,108EvaHart
0%
2,214EvilCucumberMelon
0%
835ew62529n
0%
937eward17
0%
1,558ewxz
0%
1,025excalibursonic
0%
1,937Exec
0%
273,822exotic
0%
971Expelliarmus
0%
1,679EXTREMEquizzes
0%
4,973Eyansewell21
0%
1,013F0x
0%
18,131f1freak
0%
1,632F1S29
0%
1,986f1ze
0%
2,473FabBower
0%
8,170FabBower2
0%
1,750Faenselv
0%
1,656faerieprincess87
0%
4,349fagussylvatica
0%
771faithepoo4
0%
983fajnekonto
0%
5,686fakesandwich
0%
1,348Falchen
0%
2,594Falcon83
0%
1,675Falcones
0%
1,051Falcons11
0%
1,342FandeMakai
0%
1,007FanDom
0%
4,802fandoms101
0%
3,398Fanka
0%
829fanlapkiu
0%
12,685Fantastyczny
0%
1,360Fanwit
0%
3,248far9
0%
5,745faren
0%
899farmerbeaty
0%
1,179fatbench
0%
806FatSpartanJediLlama
0%
4,703Faus
0%
1,023fbfhfnkfnlk88
0%
1,830Fbvfxv
0%
2,539fcalvaresi
0%
2,089FctRacine
0%
876feartheamir
0%
3,871felix98
0%
2,811felixxx
0%
1,154Fempire
0%
2,231Fenbar
0%
4,037Fenton13
0%
5,693FentonHardy
0%
967fer2001
0%
6,508FerbFletcher
0%
764feridun
0%
1,322fernandamoreno
0%
3,637FerroequinoSWAT
0%
819fetf
0%
1,655ffc
0%
883Fhuris
0%
7,857fijidude123
0%
52,876fikaman
0%
1,680filipidz
0%
1,404filozofmaks
0%
1,074FilthyArgonian
0%
82,226Fing0lfin17
0%
1,077FinGamer678
0%
66,562finglehorn
0%
2,119finlandia
0%
1,834FireEmblem69
0%
923fireflyzebra
0%
3,919FirefromtheEast
0%
2,446FireNewt
0%
771firoch33
0%
2,498fishface
0%
1,051FitzXsky
0%
754fizzyelf2
0%
5,420fjv25
0%
1,806fkelex
0%
850FL4MINGOLOVER
0%
1,222FlapFlap12
0%
2,373FlashBarStores
0%
936Flashpoint2212
0%
1,969FletchFFletch
0%
6,169flightoftheturtle
0%
1,493Flindosy
0%
45,799flipjmac
0%
2,392flopmuffinz
0%
4,175FlorentzAndras
0%
18,280florient
0%
1,096Florn
0%
1,508Flourishing
0%
1,051Flux
0%
4,704fmssp
0%
17,618foil7
0%
949Fontyyy
0%
1,019FoodIsLife
0%
3,807foofmaster24
0%
19,194footballfan99
0%
3,395FootballGeoGuy
0%
1,407footballquizmaster
0%
2,407fooxum
0%
2,227Forestier
0%
28,730ForgingIron
0%
2,628ForoysktQuebec
0%
1,204Forsette
0%
1,043fortniteboss
0%
879fortniterocketleague123456789
0%
3,188forwen
0%
2,033Fotedaurtograf
0%
118,677Foulfortune
0%
979Fourbies
0%
38,307FowlChr
0%
1,261Foxxez
0%
1,068FoxyFox99
0%
783Foyfoy
0%
1,647fraB
0%
1,969FractalDoom
0%
4,410Fran626
0%
8,159FrancoisJH
0%
9,739Frani55603
0%
4,984Frank24
0%
1,406FrankieTheHunter
0%
2,186Frankthetriviaman
0%
3,169Frankylias
0%
11,477FreakofNature
0%
1,105freamishly
0%
6,552FreddieBrown1995
0%
1,194fredo
0%
1,667frenzil
0%
1,529Fresco3
0%
3,320freshbut
0%
1,173Frewer
0%
2,316freyagilmore
0%
3,438friedlegs
0%
1,187FriesLover
0%
18,898Frischluftfanatiker
0%
1,076Frizbee
0%
2,082Froggeyboy
0%
3,767Froststar101
0%
834FrostyGirl44
0%
1,911Froufrou
0%
10,641FTEN9
0%
5,012fuckoffcunt
0%
77,718fullmoon11
0%
2,836Funkyjammy99
0%
1,795funnybunny
0%
817furrylawnmower
0%
1,178Furumajeikobu
0%
753Fuse
0%
11,626Fusion13
0%
9,837FutbolFan10
0%
2,025FutboloweQuizy
0%
2,681Fxlie
0%
3,046G2
0%
903Gabe10
0%
1,098Gabevil22
0%
4,229gabinho
0%
2,195gabore3487
0%
1,295gabriel254
0%
1,926Gabriel29
0%
4,995GaGaXforever
0%
28,318GainsWorldwide
0%
7,173GalaxyDefenderPotterhead
0%
1,356galaxyking
0%
5,113Galeag
0%
786galibraryguy
0%
1,361Galmoyman123
0%
4,533Gamdalf47
0%
99,932GamerandJerry
0%
3,732GamerGuy165
0%
6,179GameRiotCrewGRC
0%
18,893gangstazarry
0%
1,136garcherito2001
0%
10,214Garellos
0%
3,843Garnette
0%
11,973gasilikenig
0%
2,147gaspanic87
0%
1,036GassidLeGenie
0%
7,257GassyMonkeys
0%
2,427Gav240
0%
3,944gavtheman
0%
1,002Gayds
0%
2,423Gazman656
0%
9,262GB42
0%
2,126gbgenius75
0%
801Gcette
0%
1,189gcode12
0%
74,057GDC
0%
25,532gdcdl
0%
12,719gdunks
0%
8,149GeckoIX
0%
914GEICOisLIFE
0%
1,005gemmapear
0%
1,113gemmas1998
0%
5,604generalarken
0%
855GeneralCulture
0%
33,974GeneralWaffle64
0%
1,010Gentnovic
0%
933GeoBeeChamp
0%
14,823geoffers
0%
1,726geogerno1
0%
14,444geograf
0%
867Geografii
0%
14,778GeoGraham
0%
2,446geograph13
0%
1,534Geographer2017
0%
1,017GeographerCartographer
0%
1,156GeographyAndLanguage
0%
1,744Geographyearth
0%
1,655GeographyGeek42
0%
3,933geographyisthebestsubject
0%
3,473geographyking13
0%
1,158GeographyPro2003
0%
2,274GeoGuy2000
0%
1,905geoman2
0%
1,016george121
0%
87,732georgekotz
0%
2,991georgemana
0%
1,194gerimtentister435h9in
0%
838Germanator
0%
28,701Germanwolverine
0%
2,381gerobach
0%
28,586Geronimo7
0%
758Getreelgirl
0%
1,230GetSmart2015
0%
990gfletch1996
0%
2,535Gforce1001
0%
854GFpup
0%
2,119GG123
0%
2,032ghanburighan
0%
4,215ghart
0%
1,224GhostFame
0%
875ghostie
0%
744ghoulishyakuya
0%
49,363giant1234321
0%
3,300GiantLeopard21
0%
2,934GiantPanda123
0%
3,285Gibe85
0%
3,410Gibs128
0%
5,468Gigafist
0%
3,410Gigalol12
0%
1,617Gigano
0%
3,609gilbertarenashibachi
0%
772GimpyTom97
0%
2,423GingerNinja
0%
1,446gingirl81
0%
53,789gino85
0%
1,645ginza310
0%
1,810GinzaGuesde
0%
17,070Giorgi94
0%
41,335giosp
0%
3,262girlygirl592
0%
310,720girplease
0%
3,180GitesLopes
0%
4,386Giuls
0%
374,412gjcsarris
0%
879GK100
0%
958glasses
0%
79,548Glitschko56
0%
1,151Gllombfek
0%
743glrodrigues
0%
2,313GMan
0%
8,107gncrK7667
0%
3,424goalslammer
0%
1,045GobbyP
0%
770godofskis
0%
2,016GodOfYourDreams
0%
2,558GodricGryffindor22
0%
9,514godsleftnut
0%
746GoFishFaith
0%
5,892gogmu123
0%
2,189gogreen
0%
4,439Gohokiesandturtles
0%
5,641GokuTime
0%
853GOLA44
0%
7,991Goldane
0%
9,539goldenbiebah
0%
957Goldtitan25
0%
3,416golgothasTerror
0%
7,132gomez
0%
3,964Gomis86
0%
1,415GongZhu
0%
1,004GoodLa
0%
8,452goodquizzes360
0%
1,799gooners0304
0%
1,473goosegirl
0%
1,917gophils
0%
1,489gordian12
0%
904Gorn221
0%
974Gort
0%
3,153Gossguy
0%
4,563gotakuN
0%
2,470GotMyAGame
0%
7,446Gougounistan
0%
929GP09
0%
2,676gpev96
0%
1,620graaahh
0%
2,302grace12
0%
910GRACEISCRAZY
0%
740gracelm7
0%
45,521graceoq
0%
3,798GracieGirl
0%
1,532Gradt
0%
889GrahamMAC
0%
3,327Gramgram
0%
1,168Grammargal
0%
11,698Granat
0%
7,267GrandaddyPhil
0%
12,057GrandMo
0%
1,032grantdon
0%
931Grassownik
0%
3,321greatastic
0%
1,166Greatgroupenmire
0%
1,470Greek
0%
1,103greekmatthew
0%
2,475greeksoccer8
0%
1,123greencobalt
0%
4,052Greengo
0%
1,052GreenLantern2814
0%
1,406greenpeace205
0%
839Greentea2012
0%
3,886GreggyJ93
0%
904GregorFanFutbolu
0%
755gregoryhughes712
0%
1,606gregthiel24
0%
1,273gremy
0%
12,036GretiSpaghetti
0%
2,434Grimion
0%
980GrinchyGraves
0%
1,500Grubygie
0%
4,510GrungeRockPunkMetal
0%
4,503grunthall
0%
1,236gryffindor46
0%
808gshock
0%
2,037gtc21
0%
1,517Guam
0%
2,049guard903
0%
5,981GuardianAngel
0%
787Guest5413256867
0%
5,622guitar27
0%
1,261guitarmartin89
0%
1,534GullsFan26
0%
13,966Gummybears1111
0%
1,476Gunner1104
0%
1,048Gunnerjam23
0%
1,103Gurei
0%
1,606gusmcmanus
0%
5,433gustavo11
0%
3,152Guyinasuit
0%
2,448GuyNor09
0%
1,162gy
0%
1,678gymgal718
0%
171,879GymnastPunk
0%
1,592Gyovhne
0%
809gypsywoman
0%
127,296Gyrenaica
0%
1,127h2g2
0%
818Habek
0%
5,233habs86
0%
1,143hahalala1
0%
3,890haidenlowery
0%
5,242haiiii
0%
1,152haineslec
0%
3,691Halebopp
0%
1,116halfblood
0%
1,837Hamborghini
0%
2,058HanaHaifa08
0%
2,289hank1317
0%
848HANNAH1998YNWA
0%
1,017hannah94
0%
1,154hannahj04
0%
2,413HannahM
0%
8,071Hannahsmommy
0%
73,841hannina
0%
739HaNotsri
0%
71,047happygrrl
0%
2,091happypioui
0%
25,507hardforgeography
0%
6,514Harlz
0%
4,632HaroldHecuba
0%
1,326Harpielad
0%
3,464HarrietHarry
0%
2,155Harry201999
0%
1,803HarryDaniels
0%
1,757HarryJMM
0%
4,330harrypotteraddict31
0%
12,798HarryPotterFanatic
0%
10,424HarryPotterFTW
0%
2,512HarryPotterisamazing
0%
27,239HarryPotterMovies
0%
957harrythebom
0%
1,319HarshJha
0%
2,869Harwood
0%
1,860hashie101
0%
7,908HashiramaMadara
0%
3,821Haslam
0%
1,693Haspopper
0%
1,776hatofhornets
0%
4,936Hawk
0%
1,003hawksfan63
0%
746hazza160
0%
1,095hazzcunno
0%
2,741HBforLife
0%
2,950Hdny42
0%
960headbutter157
0%
18,651Heather12
0%
23,774hector78
0%
5,253HedoFwend
0%
4,746heenqueen
0%
769hehexd
0%
4,319Heiki
0%
235,538helen62442
0%
5,481helenasmith
0%
1,549hellenicart
0%
1,805Helloimgerman
0%
6,650hellomynameiselderprice
0%
874helpful
0%
1,987Henceforth516
0%
1,936henley08
0%
1,710henrygaddas
0%
1,252henryjake121
0%
4,858heracles4
0%
63,860HermanSilow
0%
1,635hero36015
0%
1,230Herodote
0%
2,434herosinger
0%
1,230HerrSpencer
0%
1,125heyheyheyitsfatalbert
0%
1,183HeyImJonny
0%
1,270heyjack007
0%
1,847HeyJude
0%
3,358heyjude83
0%
8,256heyngra
0%
1,807heywomoto
0%
28,662HickoryRun
0%
3,451hidemeinshadows
0%
1,490Hieronymus
0%
3,805Highlander29
0%
1,015HILAX19
0%
1,773hindisaxspanish
0%
923Hinezzy
0%
4,427hinkyo2
0%
1,269Hirschferkel
0%
17,095History4
0%
1,070Hjeffhjbfehjfhdjdskjcsdknjcdkj
0%
3,597HJUdall
0%
2,980hm
0%
27,118hmh81498
0%
1,041HockeyGuy
0%
815Hockeyguy19
0%
12,799hola25
0%
1,103HoldMaD
0%
9,593hollowchimpanzee007
0%
910holly09
0%
1,697HomelessBoxBoy
0%
1,102Homooyela
0%
1,721honeybadgerninja01
0%
874honeybun60
0%
2,984HopeReborn
0%
990hopla25
0%
1,476hornberg
0%
5,371Horsertopia16
0%
22,755Hotdog20
0%
784houdinisprestige
0%
1,159Howell
0%
2,360Howingtondt
0%
856HPaddict
0%
773hpfan
0%
3,235hpqu1zz3r
0%
835hrh1997
0%
804HSM123DISNEYFANS
0%
1,210hstarwarsl
0%
6,231huehuehue
0%
4,057hugocalderano
0%
1,268HuishSixth
0%
10,923humangps17
0%
936hungergames
0%
1,992hungergames14
0%
1,031HunterFab
0%
806Huzaifada1
0%
141,954hwes
0%
2,912hypmoon
0%
4,055Hypstar
0%
1,309IAmAnonymous
0%
3,729iamiggy
0%
5,939IaMmE
0%
845iamnmcxiii
0%
3,768iamnotandydufresne
0%
2,148IamTHEbest
0%
2,392Ian1979
0%
920IanJosh321
0%
817iBrina
0%
5,450icanogar
0%
1,768IceElsa
0%
8,461icetruckkiller
0%
2,250icey5956
0%
1,163ICTQuiz
0%
2,280iDimitris
0%
11,507idol
0%
1,621idrewsomefishes
0%
1,125Iggy49r
0%
792Ignis23
0%
35,346Igorb
0%
3,006ihavecripplingdepression
0%
23,724iheargeo
0%
1,162iiSimplitiX
0%
1,053Ikeynoonoo
0%
10,404iLE
0%
1,457Iliekwaffles
0%
1,826ILikeQuizes
0%
1,586ilikequizzzzes
0%
1,232Ilikerainbowsixsiegeitisfun
0%
948illhave2number9s
0%
1,036ilovegreece10
0%
2,345ilovejmr1994
0%
1,233IlTedesco
0%
1,448imacoolguy
0%
1,402imaninjakilla
0%
3,321imanoob1713
0%
1,059imaredneck
0%
1,265imAshh
0%
4,954Imatschool
0%
2,351imawesome
0%
9,499imbatman1997004
0%
154,204ImDB
0%
1,376imi123560
0%
2,289imogengrace
0%
2,253imolovesthejanoskians
0%
19,243imonone
0%
2,744Imperato
0%
2,073ImTheBestQuizzer
0%
3,524incandescentcassowary
0%
1,698InderGhattaura
0%
117,730inderweg
0%
2,117infinitidrew
0%
31,241Innit
0%
7,105Insaniot
0%
1,064InsanityPrevails
0%
109,375interopia
0%
1,225Invidienta
0%
1,162iofur1
0%
3,277IPS
0%
57,402Ireland123
0%
1,336irishblonde93
0%
10,431IronDerBear
0%
968irwin
0%
15,867Isaac
0%
1,330Isaac2065
0%
6,443IsaacWalker
0%
886isanony
0%
2,007Isla232
0%
7,446Islandcarver
0%
1,206IslandDave
0%
963Issoushack
0%
1,348Istink
0%
1,052iStylestagram
0%
5,839iTawmee
0%
2,195its2hard2make1
0%
1,336itsrachyy
0%
2,550ItzInferno
0%
5,587iuhledreZ
0%
909IvanPietrov
0%
5,019IvonnaBraginski
0%
4,861Iwen
0%
5,309ixn
0%
953IXON009
0%
3,272Izegrim
0%
889J060299
0%
2,418J33V4N
0%
6,829j3rkku
0%
1,007J7h9
0%
7,531ja1
0%
11,702Jack03Skora
0%
2,531jack21
0%
814Jackary402
0%
4,633JackBoy1234
0%
6,357Jackey52
0%
2,224jackjackson
0%
7,491jacklacey11
0%
6,835JackMac123
0%
5,623Jackninja5
0%
33,953Jacko77
0%
793Jackson1102
0%
769jacksonjoly
0%
1,418jacksterb1998
0%
16,009jackstone245
0%
2,792Jackthecricketer
0%
12,775Jacktheguy
0%
1,443jacob2k
0%
1,402JacobAF
0%
874jacobo
0%
101,773jacobszekuIa
0%
2,513Jacu
0%
6,627JadeStarStone
0%
1,503jaetpa
0%
9,522jafe
0%
4,562Jag
0%
17,038Jagwyyn
0%
1,309jahead92
0%
2,071Jajowar
0%
2,214jakAttack
0%
1,272Jake1up
0%
1,956Jake21
0%
8,426Jake90
0%
1,346JakeBrindley
0%
745JakeDaSnake98
0%
1,153jakefahy
0%
10,324Jakegray1983
0%
8,111JakeHolness
0%
42,119jakek99
0%
767jakephilbrick47
0%
1,549JakeSurewin27
0%
14,279JakisBak
0%
821Jakob213
0%
1,619Jakub
0%
1,310Jakubek9
0%
5,795JakubEU
0%
849Jakubossek
0%
831Jamcur
0%
1,304James1973
0%
6,319James32
0%
1,238James9898
0%
1,513jamesadams
0%
4,693JamesB97
0%
1,168JamesBooth10
0%
1,720jamesbrandy
0%
1,513jamescrackthesky
0%
2,689JamesJamesS
0%
23,894jamesjunkers
0%
4,710jameson968
0%
24,553jamessafc
0%
8,100jameswade
0%
824jamie123
0%
3,080jamieandjames
0%
1,764JamieMitchell
0%
829JamSet
0%
2,895jandjandlemur
0%
929Janekkin
0%
2,943JanLouisJordaan
0%
13,620Jappleby1
0%
10,259Japun
0%
9,115jaredxbrandon
0%
1,560Jargon
0%
23,979jasekowhai
0%
4,746jason76japon
0%
885jasonk01
0%
1,302Jaya12
0%
1,890JayDee
0%
924Jayden1234
0%
787Jayden234
0%
1,404Jaydos
0%
6,482jayjay068
0%
6,086jayjay86
0%
3,954Jayr294
0%
1,306jaysean98
0%
913jayzee
0%
768Jazz1960
0%
1,885Jazza1001
0%
1,472Jazziedoodles789
0%
1,410jazzypeach22
0%
7,005jbatch1807
0%
1,969JBJ123
0%
12,805JBman
0%
861jbond007
0%
12,108jbrown310
0%
770jc239
0%
6,323jcald212
0%
13,059jcassarino
0%
1,558JCazzy
0%
1,279jdinkel
0%
4,426JDisnard
0%
957jdmorgan
0%
1,476JDodger123
0%
3,768JDWI
0%
1,163JeanNorbert
0%
6,663jed1234
0%
1,134jedgeco
0%
791JeffA
0%
15,915jehanb
0%
1,669jeisenberg24
0%
1,832jelox
0%
1,273jemzupepokizimna
0%
31,635JenkinsEar
0%
1,051JennyOnFire
0%
804Jeperdy
0%
4,976Jeranking25
0%
1,890jerdam
0%
2,719JeremyT
0%
830JeremyX
0%
814jermayneatl99
0%
12,332JeromesNiece
0%
1,700JerseyzFinest
0%
1,210JERU
0%
133,293jess1769
0%
3,635JessicaDavies
0%
10,500jesslouisee95
0%
751Jesus59
0%
1,044jesusthebest
0%
794JetBank
0%
2,400Jethro15461
0%
2,533jetinhouston
0%
1,516JetPunk23
0%
113,945jetpunk2809
0%
1,933JetPunk3007
0%
50,252JetpunkGenius
0%
746jetpunkiscool
0%
1,320JetpunkShua
0%
2,030JetpunksQuizzes
0%
821Jev
0%
935jf15
0%
3,466JFLafrance
0%
1,129JGD
0%
26,354JGElias
0%
2,157JGFuk93
0%
1,414jgwiganafc26
0%
3,560Jhangeomath
0%
1,025Jhanmath
0%
1,692jhassa96
0%
2,721JHAssassin
0%
4,064jheimlich
0%
782jhughes09
0%
9,277JHull2000
0%
17,634JiaLi
0%
20,757Jigglypuff5
0%
278,774jillibean414
0%
15,230jilo37p
0%
1,567JimboSlice
0%
880JimmyUrgent
0%
1,053jimsavile
0%
14,549Jjdu51
0%
909jjgretz23
0%
1,298JJH04
0%
2,156JJL
0%
1,273JJSushi
0%
4,138JKaczynsky
0%
813jkykkkkk222
0%
3,127Jlarsen13
0%
1,432JLBooth5555
0%
6,909jlbrownfield1985
0%
1,050JLC53
0%
1,629JLud
0%
1,811Jma922
0%
996jmack12
0%
2,850JMADDEN16
0%
979jmaddog
0%
2,019jmax59
0%
1,456jmjman117
0%
3,736JMUK
0%
970JNPRJauneNoraPhyrraRen
0%
859Jnxge
0%
1,413JoakimTin
0%
1,419JoaoMedvedkine
0%
773JoaoPauloRibeiro
0%
1,274Joe61192
0%
1,511JoeBlack21
0%
2,137joedimaggio
0%
837joel77
0%
1,057joeydubois
0%
1,633JOEYDUNXYZ
0%
3,638joeythelemur
0%
466,445joez
0%
7,938johannanoro
0%
6,290johnabcitizen
0%
759Johndraz2001
0%
1,195johnfairfox
0%
1,628johnkeefe
0%
804JohnMG123
0%
5,374johnnyandem
0%
1,067johnnygirl
0%
2,102JohnOfili
0%
843JohnP
0%
2,887JohnQ
0%
103,205johnsonncn5
0%
2,500JohnStrand
0%
2,023JoJoLuv
0%
946jojow
0%
2,152JOKE
0%
1,384JokerJay13
0%
10,608jokerr101
0%
1,565JokkoUno
0%
932jolagauffre
0%
1,253jolake
0%
3,294Jolyanna
0%
1,633Jonas7803
0%
14,491Jonathan
0%
6,813Jonathan1
0%
6,432jonboy316
0%
5,525jonkheer
0%
2,417jonny5244
0%
824JonnyJ
0%
47,842jootjebode
0%
1,965jopso
0%
1,914Jordan100001
0%
6,772jordanc
0%
2,983jordanthelaw57
0%
1,393jordyn
0%
2,491joriseatsgherkin
0%
1,713Jorissie
0%
1,620JorLu
0%
8,879Jormo
0%
750joseole21
0%
2,062JoseSantos
0%
69,668joshidurant
0%
739joshneil
0%
15,220JoshPen
0%
222,783JoshSamuels
0%
948joshuabjohnson88
0%
3,534JoshWaldron
0%
6,719JoviFan100
0%
1,488Jozi
0%
116,892jp11997
0%
828JP2
0%
52,703jpg20369
0%
1,436JPin8497
0%
886JrAtlas
0%
12,550JRB
0%
753JRdelotina
0%
744jrf7
0%
1,889jriddycuz
0%
1,473jroldan
0%
894Jroyce22
0%
2,535js96
0%
2,185JSen
0%
4,994jshuaf
0%
869JSSTyger
0%
1,553jst
0%
871jsteelo
0%
4,909jstrokos
0%
4,419JTG
0%
742jtjarrett1901
0%
1,150jtman123
0%
8,377jtownboss7
0%
3,690jtpyron30
0%
1,342jtrimble3
0%
1,035jturner666
0%
1,864juan23letsgo
0%
788juancho1965
0%
5,602JuanCrouset
0%
1,145juanes88
0%
856Juanito17
0%
4,310juanitos
0%
757JuddtheStudd
0%
1,542Judo
0%
10,442jufiction
0%
1,208JuicyQuiz123
0%
9,456juju15
0%
1,429jujudu83
0%
1,064jujustifler
0%
2,177Jule55S6M
0%
2,808Jules55
0%
3,775JulienRobert
0%
1,210jumbomuffin
0%
770jungkookforlife75
0%
2,084JunkratMain23
0%
59,993JustAboutEverything
0%
5,529justawesome1998
0%
893JustChudwick
0%
1,539justfromage
0%
965justice006
0%
1,489JustinBurgess
0%
5,286JustRoyal
0%
797JuulBeatlesFan
0%
854Juwization
0%
1,210jvbresolinaraujo
0%
2,188jvckobb
0%
1,145jvecchio
0%
50,708Jvill
0%
1,671JxhnYDK
0%
753JY95
0%
1,902k1ng
0%
5,041Kaados
0%
2,353kaanivore
0%
6,340kabooscus
0%
2,870kabouter76
0%
1,864KabTheKingPro123
0%
1,014kaderschaufel
0%
2,464KaelaDW
0%
1,822kaelagilbert
0%
1,582Kahim
0%
881Kahran042
0%
1,148kaitlynsmith34
0%
4,717kal413
0%
1,973kalbatjon
0%
2,713kaleb3303
0%
780kalenrox9
0%
1,007kalib00
0%
3,097KallumBrisset
0%
978KalosKagathos
0%
1,157Kamibito
0%
1,186Kamil2006
0%
18,936Kamilek11
0%
949kamilos980
0%
5,099Kamilosik344
0%
3,351kamiquizz
0%
2,647Kamsonn16
0%
1,384kan12345
0%
1,971Kaneel
0%
23,188Kannan2000
0%
1,145kanyeeast
0%
18,305Kapitan
0%
2,242kaputkaput
0%
2,363Karamchand
0%
1,194KaraokeKing
0%
748Karczor
0%
3,031Kardolus
0%
2,492Kareeeel
0%
6,737kariannepizza
0%
990karolhar
0%
1,144KarolJan03
0%
872kartonik
0%
957Kashieca
0%
762KaSPaH
0%
5,476Kaszalot1021
0%
2,206KataJ
0%
53,573katalina
0%
929KatEpona
0%
2,088katiclement
0%
25,399KatM
0%
1,016katrimz
0%
440,239katsudk
0%
3,132Katykat
0%
1,339kax
0%
5,828KayaGok
0%
1,650kayleigh6
0%
8,966kbella92
0%
2,241kc1997
0%
1,717kchvos
0%
4,596kckkpeel
0%
739kclovesgaming6
0%
775kcoomber
0%
2,794KCzech
0%
2,117keegalof1675
0%
2,399KeelsMagills
0%
1,539Keemotherapy9
0%
1,160Keesh
0%
5,034KeithDonaldo
0%
30,238KeithRuffles
0%
2,542Kelbelly
0%
1,899KellJeon97
0%
1,974kellymannelly14
0%
788Kelseemorgan98
0%
824kelseyshultz
0%
29,125Keltonet
0%
1,306kempo
0%
29,244Kenny123
0%
7,743kennyboyy
0%
962kennydabest
0%
32,005kenpo17
0%
1,002Kensox
0%
2,510Kerber0s
0%
1,670keremt14
0%
939Kermedgeon
0%
1,502Kermit94
0%
1,975KerryW1
0%
992Kertoipos
0%
439,004Kestrana
0%
1,217Kesulrin123
0%
988ketchup
0%
22,549KetchupRevenge
0%
1,244kevingriffith
0%
2,053kevlarkev
0%
949keVVVVVVV
0%
1,038keyboardkitten
0%
1,697keyboardwarrior
0%
13,773KeyMaster
0%
938KFCJARZAB
0%
1,668kgpatsfan12
0%
6,105khaos562
0%
1,823Khelp
0%
929khuemoeller
0%
1,983khyeamber
0%
1,261kiaranine9
0%
8,816kidibu
0%
17,628KidTheCat
0%
746KierZStrikeZ
0%
3,192kik891
0%
1,472Kikikpop
0%
1,403kikishorrt
0%
6,798Killerdolphin97
0%
3,517killeREVO
0%
1,270Killerkarotte
0%
2,656KillerZombie
0%
3,614killingXdespair
0%
18,430kimad
0%
12,335kimiki
0%
1,522kimono
0%
12,916kimzz
0%
2,547kingchxseee
0%
5,004KingDrudii
0%
1,479KingFilmNerd
0%
14,174kinggch
0%
3,554kinggg
0%
3,715KingNene
0%
909KingofGoldHark
0%
2,680kingoflizards
0%
4,103KingofQuiz
0%
829KingoftheBritons
0%
3,353Kingy03
0%
3,790kinjapan
0%
798Kinzi1995
0%
3,119Kiotasayo
0%
2,111kirakira
0%
6,282Kirbydude
0%
922KIRINBMIRIN
0%
1,058kirstiekumiko48
0%
5,146KirstylEverest
0%
3,480kiss
0%
1,375kitkat90009
0%
952kitkatman27
0%
1,807kitrs013
0%
960Kittykat2000
0%
12,943KittynJim
0%
2,782Kiwifou
0%
2,898kkay
0%
852Kkookbangtan07
0%
1,247KKWloclawek
0%
1,596KKY922
0%
3,316Klabnix
0%
9,608klacior
0%
2,663klapperklaus
0%
14,190kleafer
0%
1,335kli17
0%
2,723klusss
0%
1,157Kmeister
0%
9,078kmichael08
0%
1,110kmill2289
0%
816KMLion
0%
2,804KNAZ
0%
1,104knightlyghast
0%
1,304KnowBuffalo
0%
3,424Knowledgio
0%
9,883KoalaRoyal
0%
859Kobe24
0%
868kobje
0%
906Kobrah
0%
856kokoru
0%
756Kollegah420
0%
6,300koloris
0%
8,927Kongun
0%
2,409Konrado7
0%
755Konstus
0%
51,204Kontio100
0%
1,481Koppelman
0%
1,590koreylavista
0%
6,023Kosmiasty
0%
1,338KotBartek
0%
1,856kotors
0%
1,566Kovicmat
0%
4,457KozaK
0%
3,384kpop101
0%
4,050Kpopislife77
0%
1,896KPreggie
0%
51,405Kreczmar
0%
784kriska2215
0%
2,560krispy
0%
3,034kristenbud
0%
1,172Kristi4102
0%
20,214kristian83
0%
931kRISTIBAHENA
0%
790Kristoforandchaz
0%
874Kristus
0%
799krizz
0%
3,416KronguGreenSlime
0%
5,728kryks90
0%
1,127krypthon
0%
775ksahfge2
0%
3,309ksahfge3
0%
4,586kshanti
0%
851kshimizu
0%
1,706KSJR16
0%
3,824KTAR
0%
3,949ktxcgirl1920
0%
9,867KU870
0%
33,383Kuba1227
0%
3,921kubas
0%
3,834kubazguba
0%
3,851Kubix
0%
4,947kubra
0%
9,116KUBSONIXO
0%
5,960Kucell
0%
1,155KungChris
0%
899Kuparipilli
0%
3,311KupKaselek
0%
1,484KurtPK
0%
4,483Kuta12
0%
764,440Kvkq
0%
828kwizzer
0%
7,046kybreeze
0%
18,291Kyle72211
0%
1,070Kylerscott
0%
36,313kylesan
0%
1,615Kyman01
0%
1,814KyngzIndeyen
0%
3,046KzMarie
0%
9,485KZSAVAGE
0%
2,549LaBouleMagique
0%
15,442ladder12
0%
30,294lafpark12
0%
60,420lagkapten
0%
1,461LaGrenouille
0%
1,676LahcenB
0%
793LakersPlayer14
0%
1,042Lakeshow
0%
1,130lakeshow24
0%
1,193LaLaLaLaLa
0%
1,075Lama121
0%
4,544lantio
0%
1,183LapinYuzu
0%
4,178Larry2k
0%
948LarryLovage
0%
1,844larsmh10
0%
924lashley6
0%
1,204latesleeper
0%
956latina123
0%
6,338LauraMaryEllen
0%
3,603LauraQuiz
0%
14,354Lauren12345
0%
19,651Lauren16
0%
1,387laurenator
0%
983LaurenJade
0%
3,338Laurent
0%
16,254Laurinibus
0%
1,718LawsonLover
0%
982Lawto
0%
1,048Laynebug
0%
1,473lazarff
0%
894lazerbeam
0%
1,149,592LBA
0%
16,337LBAbeL17
0%
2,551LBar
0%
1,018LBTS
0%
2,216lcfc2016
0%
2,302LCG14
0%
1,513LChammer1
0%
2,545LCstfc01
0%
806Lda77
0%
20,184LeaderofAdaklya
0%
1,398leannexx
0%
2,233leavesden1999
0%
2,524lebbyjohnjohn
0%
18,765LeBureau31
0%
838leckscheid
0%
3,443leetfox
0%
2,178legend101
0%
156,095LegendBlackKyurem
0%
4,560LegendKiller
0%
954LegendOfZeldaNerd
0%
2,199legioniix
0%
1,063Legomaster
0%
2,680lehobbitjoufflu
0%
1,682LeKmeleon
0%
9,956lele20
0%
5,803lele28
0%
1,852lelegendgi
0%
3,027lemon1
0%
1,910lemonpipsqueek
0%
3,045Lemons
0%
835Lemontom
0%
4,810Lemurlover3
0%
5,628LeneSophie
0%
2,960lenqa123
0%
1,160LeonardoMachadu
0%
1,089LeonBird
0%
60,386Leontine
0%
1,065LeoSP40
0%
1,166Lepetitsuisse
0%
1,181Lesbean3000
0%
877leslieknopee
0%
4,972lespagnol2
0%
6,237LeTruand
0%
769letschacha
0%
3,678letung1994
0%
2,446letzi
0%
911levi082889
0%
2,433levic
0%
2,818LeVraiPiro
0%
2,425LevTermen
0%
1,980lewis2012
0%
927lewise
0%
1,378lewm22
0%
13,764LEWSON
0%
759lexerz22
0%
2,059Lexethoria
0%
1,316LexinChloe
0%
8,802LFC1892
0%
1,423LG02
0%
922LH9
0%
2,513liam123
0%
1,005LiamBerchy
0%
1,572Liana2k15
0%
1,011Libegon
0%
7,587lifemare
0%
2,698lightstream
0%
10,020Lii5a
0%
1,678Liisankatu27
0%
1,423lik3796
0%
757LikeTheQuiz
0%
3,331lilguppy
0%
16,172lilig48
0%
1,030lililili
0%
6,026lilpitts100
0%
1,274liltonio2293
0%
1,009liltopbowler55
0%
12,806Lilylee
0%
2,063LilyOfTheValley
0%
4,155lilz
0%
968Limaperou
0%
11,691Limedog678
0%
10,522limegreen11
0%
3,769Limeila
0%
1,707limewell
0%
1,450Linguist
0%
1,589link2781
0%
1,115linnlundell
0%
17,021Linshi
0%
2,006LinusDTF
0%
2,324LionBoy2317
0%
2,280Liopleurodon
0%
1,016lipbartek
0%
2,535liph01
0%
2,227lisabarber
0%
758LisaChristine369
0%
1,277LisbethAndreasen
0%
4,890LittleBigAnts
0%
6,791LittleMary226
0%
1,170littlemissperfect
0%
7,442LittleWebb5
0%
1,032Litu
0%
1,596livesteel
0%
1,069livit7194
0%
1,350livlmao
0%
2,771Livo
0%
858livold
0%
1,405lizbeth
0%
3,127lizziedown
0%
3,113ljc22
0%
4,723Lk95
0%
3,025lkeegan123
0%
8,484lkrs42
0%
18,464llamaboy23
0%
4,314llamalife
0%
28,340llanestomas
0%
10,855lloydassombalonga
0%
1,778LMarie
0%
1,224LNR44
0%
933locachica97xx
0%
1,261LoganI
0%
4,580loganite
0%
1,400loganstrife
0%
1,872LOGIC
0%
1,506Logintus
0%
5,320loisatyre
0%
865lol123
0%
1,056lolii60
0%
1,362lollol
0%
1,077Lolly59034
0%
836LOLREPLAY
0%
109,239lolrobbielol
0%
2,310londonwriter50
0%
799lonewolfrey
0%
57,422longdays2
0%
3,743LongHistory3
0%
1,395lonwondervob
0%
1,267LopezPL
0%
1,755LordArry
0%
8,572lordko77
0%
1,524LordSewcio
0%
1,157LorEnzA
0%
13,386Losers
0%
1,004losingctrl
0%
1,185losiveroitaliano
0%
1,933loslesniakos
0%
6,816LosScorpions
0%
856LosterG
0%
1,937Lothar7
0%
1,962lottiheitor
0%
1,695Louder
0%
72,824Louis76
0%
1,330louise1803
0%
1,171Louisea52
0%
3,061loveeglee
0%
1,791lowaree
0%
1,586lowsl
0%
1,125Loydus
0%
1,941lpalmzzz
0%
1,665LRS152
0%
2,085lsilvestri04
0%
13,342LtHurwitz
0%
2,539Ltrain
0%
870LubieMorele
0%
8,381Lucam
0%
1,030Lucas03
0%
1,038Lucas12
0%
21,860LuCaS313131321
0%
1,326lucas38
0%
932Lucas47
0%
1,432Lucas88
0%
104,478Lucasaar
0%
6,106lucasbeauchamp
0%
11,205lucatony71
0%
1,460LuciusPolonus
0%
38,451luckybarry
0%
12,519luckyluc96
0%
2,979Lucy1533
0%
5,326LucyLestrange
0%
798Lucyllg
0%
862LucyTheParanoid
0%
74,077ludimagister
0%
1,605Ludovico
0%
5,151luis123
0%
1,031lukasz1314
0%
14,909Lukasz4
0%
2,528lukawesome
0%
75,289LukeD
0%
1,043lukejcr
0%
5,648LukeMorris96
0%
1,239lukeswalk
0%
4,010lukeweir2000
0%
6,025Lukutiss1324
0%
2,022LUMEX97
0%
1,367lunalupin01
0%
849Luppers8
0%
1,069Luprec
0%
3,112Luvren
0%
13,370luxint
0%
2,520luxio7
0%
6,766Luxson
0%
748LVB99
0%
1,704lvtharrison
0%
6,745lwh2839
0%
937lydiagrace19
0%
1,704LyricQuizMasta
0%
46,916LyricsGeographyHistory
0%
5,697lys60379
0%
1,349m1988
0%
3,720M1K0L4J
0%
1,356M28
0%
5,192M35SY
0%
912Ma7eus2
0%
856maanualfonso
0%
1,489MabisRampington
0%
1,245Macaco2
0%
886MacAttack7
0%
742machocomacho
0%
1,109Machtblitz
0%
3,185Maciej102
0%
2,371Maciek7
0%
8,451maciekzks
0%
1,005macio
0%
1,064Mackowy1601
0%
4,925macktaylor
0%
1,270macosby
0%
1,492macromanosky1
0%
3,400madara
0%
1,825MadaraUchiha
0%
899maddyb2210
0%
2,245Madeline
0%
1,367MadHaskers
0%
1,315madiii
0%
6,021MadMen
0%
2,133Madoune67
0%
2,584maepug
0%
2,061MagentaDog790
0%
14,958magezero
0%
12,129magicaemmy
0%
1,678magicalworldofHarryPotter
0%
7,314MAGICZNY0PALO
0%
1,874MagiMorgiana
0%
5,204magnacumlaud
0%
7,437magnet0
0%
1,149mahble
0%
1,845Mahi
0%
48,457Maibaum
0%
1,025MaintenanceRequired
0%
943MaitreGiggs
0%
1,321Maj221Hal
0%
2,642Majax
0%
881majeau1
0%
113,475MajesticSheep
0%
3,835majz1229
0%
783malaysian
0%
62,745Malbaby
0%
14,896malgybalgy
0%
22,366mallen97
0%
1,870Malory76
0%
1,013mama0968
0%
317,167manchesterutd10
0%
1,488mancityman25
0%
13,158mandysophia
0%
2,249MandyW79
0%
1,222maner76
0%
1,698Maniek0077
0%
2,746manndsourc
0%
12,375Manolito1990
0%
2,881manthing111110
0%
4,439Manticore
0%
7,165ManUnited2351
0%
1,755ManxMarvel
0%
6,388MapGuru0123
0%
892Mapi19
0%
768MapperMan
0%
930mar123
0%
2,630mar941
0%
960Marauder
0%
751MarcelClaude
0%
8,497MarcellDias
0%
17,968march161
0%
10,203Marcin84
0%
38,701MarcinMazurek
0%
2,944marcof95
0%
1,274marcopolo1
0%
804marcopolo23
0%
13,743MarcoReus
0%
11,542mareckikocur
0%
28,031marek594
0%
4,744Margo89
0%
3,289Marielyner
0%
3,245marinemeerkat
0%
1,904marinka
0%
63,628mariofan367
0%
3,517Mark1232
0%
530,333markjohan
0%
95,757MarklarUK
0%
2,913markthelad
0%
1,163marktuan2004
0%
986Markucha
0%
1,206marmajam
0%
926Marmite1234
0%
4,399Marnickfromthenetherlands
0%
29,692marquez100
0%
1,782marren27
0%
1,030marrio51
0%
1,298Marso
0%
4,118MarsupialSeason
0%
2,057martina2705
0%
1,564martinz
0%
15,624Martopix
0%
2,907MarvelDCBandsStarWars
0%
7,690MarvelFanatic
0%
1,890MarvellousDazza
0%
25,666Marvelquizmaster
0%
2,473marybeth810
0%
17,102Maryland
0%
1,467Maskass224
0%
950Masquenada
0%
788MasterChief117
0%
966MasterGARS
0%
2,546Mastermanclaw1
0%
2,402MasterWOJS
0%
6,615maszbany
0%
876mat002
0%
10,049matchless
0%
5,571Mateusz1405
0%
1,411mateuszPoland14
0%
1,277mathgician
0%
995MATHIAS1
0%
2,502mathiasr
0%
2,101MathieuPL
0%
2,135Mati009
0%
923Mati2617
0%
1,346matik22119
0%
26,542Matt2012
0%
16,335mattchoi
0%
6,052MattD07
0%
816mattdicker
0%
109,311Matthew07
0%
2,961matthew3421
0%
6,992Matthewj4x
0%
12,276MattHLFC
0%
14,411mattitude999
0%
4,993MattJohnson
0%
2,144MattKool97
0%
2,899mattla
0%
1,179MattMerchant1
0%
185,905MattPett12
0%
561,036MattPunk
0%
3,856MattTheBaller3
0%
3,681MattyG270
0%
1,406MattySaint97
0%
905matu
0%
797MatWest
0%
2,655MauKun
0%
2,899maverick0885
0%
1,966maxd98
0%
9,839MaxGameAndWatch
0%
2,321maximumultra5
0%
3,242maxism
0%
3,005Maxnorrac
0%
937maxout
0%
1,220MaxStickies
0%
78,822maxvenble
0%
1,724MayaB
0%
1,413mazzatazz
0%
1,436mbarbie
0%
38,234MBatistussi
0%
1,171MBH
0%
1,616MBZD
0%
843mc8888
0%
896mcave225
0%
4,594MccannJ
0%
1,453McCoy
0%
2,667McLarenP1
0%
21,527mcpf
0%
116,076MCRJON
0%
968MCSYDNEY
0%
9,502McWeeney23
0%
964mdaleschrock
0%
2,805mddeluca
0%
8,669mdle09
0%
1,615mdog420
0%
1,536meaudrec
0%
1,186Meds
0%
1,903MedSoc
0%
892meejurio
0%
862megagirl7
0%
1,737megagregp
0%
10,759MegaMapper
0%
846Megan12
0%
833megankolenda102300
0%
3,306MegaRayQuizzer
0%
743megashritt
0%
2,532MeHCraZy
0%
5,035meleno10
0%
902Melexa136
0%
2,940Meliana
0%
892Mellie
0%
4,842mellowWriter703
0%
996melman007
0%
827meloainene
0%
3,118meowkittah
0%
16,842Meowzika
0%
1,367MER1NGUE
0%
1,197mergan
0%
2,289merimc
0%
2,106merlin0
0%
2,386merrickbg
0%
2,088MessiSeahawks10
0%
1,771MetaKoopa99
0%
3,688metalbassist1393
0%
2,106MetalWarrior
0%
5,009metternich1815
0%
963Mew1274
0%
72,750Mewthree
0%
11,344mic747
0%
1,319Micayla53002
0%
3,250micha34l
0%
2,759michaelchq2
0%
15,922michaelcow
0%
897michaelfs
0%
77,460michaelgtcpa
0%
1,199MichaelK
0%
1,442michaelngwa
0%
740Michal222
0%
6,253Michal777
0%
5,712MichalKozlowski
0%
4,710MichalR
0%
9,978Michas221
0%
1,515MichelinMan
0%
3,571MichelleAshley
0%
768Michelley913
0%
932MichelYemen
0%
1,630Michtu7912
0%
8,969MickeyMcNutt
0%
26,686Micky2911
0%
898Midgaf
0%
1,957MidnightCentury574
0%
10,533miep
0%
47,577mightythor
0%
997Migson
0%
2,288Mihajlo7
0%
1,734mikealv
0%
3,104mikeh2887
0%
2,109mikelum30
0%
15,760MikeSports123
0%
2,361mikeypayne481
0%
17,496mikeyq6
0%
486,964miki2003
0%
2,924Milanthro
0%
1,139milehigh12
0%
2,377miley3005
0%
72,037milk
0%
7,650milner94
0%
5,511MiloAJ17
0%
772mimi867
0%
772MimingNinja
0%
2,871Mimosa
0%
4,508Minaaa
0%
5,452MinCrissy
0%
741mindim
0%
910minihuone
0%
2,325minionslover12345
0%
1,578minnie10
0%
808Minteh
0%
1,189Minyas
0%
918Miqueas
0%
1,254Miquelino
0%
1,278misa443
0%
1,227misakichan04
0%
3,338MislavCro
0%
19,025MissERA
0%
1,292MissT93
0%
9,943MissTaylor133
0%
940missvaro
0%
1,468MisterBrick
0%
2,613MisterFahrenheit
0%
1,936mistersap
0%
13,610Mistrz001
0%
857misu
0%
755Mitch0007
0%
843MITCHEEEY
0%
148,980MitchellDavid
0%
100,662MitchellOakes
0%
963Mitchie
0%
3,340Miterbinnesdirty
0%
826mitshubishievo
0%
3,177MittRomney
0%
1,736Mixy93
0%
1,802MiyafujiYoshika
0%
955MJD
0%
2,714MJDSPAIN
0%
4,707mkeogh
0%
1,125MKKC
0%
6,766MLK7285
0%
1,194MlleLatino
0%
1,780MLM20
0%
2,270mlodysimba
0%
37,503Mluster15
0%
924mmaaee
0%
1,245MmaQuiz
0%
5,483MMeyers627
0%
1,213mnmcconnell97
0%
5,546mnormansell
0%
161,586mo918
0%
945Mockingjay101
0%
20,087Modestus
0%
869modi
0%
1,445moeisdagreatest
0%
937mofowhiteboiibitch
0%
2,865Mog161
0%
64,065Mogysht
0%
867mohabb1
0%
1,740Mohamed11
0%
1,525MollyKincaid
0%
1,771MolybDan
0%
1,687momemamo
0%
922Momillo
0%
1,051MomoAathara8
0%
806MoNkEyFiSh
0%
1,310monkeynerd
0%
10,415MonsieurX
0%
1,004moobs
0%
5,759MoodyKit
0%
13,053MooImAPig
0%
1,054Mookie23
0%
1,865MoonlightBae21
0%
1,148mooseman
0%
1,458Mordecai
0%
21,334morequizzes4u
0%
1,542Morfindel
0%
1,368morgan29
0%
2,182morganzuk
0%
928Morker
0%
938MotherDuck
0%
2,237MotherOfDragons
0%
26,529mountainsong
0%
1,201Mountbatten26
0%
1,049MouseMatt
0%
2,800MovieCasts
0%
3,434moyung
0%
1,784mozartkugeln
0%
918Mozza
0%
837mpbartel
0%
1,024MPixels
0%
1,417mpm03006
0%
25,066Mr37
0%
2,252MrArTiStIxZERO
0%
2,299mrbojanglez
0%
1,179MrBow12
0%
25,540MrBrendan47
0%
3,898mrcruceira
0%
876mrecooper
0%
3,935MrGeographer
0%
830MrGeorge
0%
1,050MrGiNO
0%
772MrGlockenspiel
0%
837mrgodo
0%
1,634MrHadesQUIZMAN
0%
1,277mrj786
0%
1,164mrjesaistout
0%
25,635MrJesusGeek
0%
18,413MrJoeGGriffiths
0%
6,992MrJohsin
0%
1,532MrKnowItAll
0%
1,036MrL
0%
875MrLava
0%
891MrLitchi
0%
1,529MrLudmilla123
0%
955mrmetsanchez
0%
5,815MrMiyagi
0%
3,522mrmrfootball
0%
7,615MrMustachious
0%
11,676mrnafe
0%
6,068Mroczekk
0%
12,535mrocznyprzedmiotpozadania
0%
2,365MrPerson
0%
1,256Mrpolonog
0%
10,726MrSean2001
0%
2,228mrsharryedward
0%
782MrSimpleton
0%
2,706MrSlothington
0%
2,232mrsmartguy
0%
2,297mrsmollyd
0%
13,120MrsSlytherin
0%
1,980mrtetaclac
0%
4,079MrTones
0%
2,124MrTrivia
0%
1,152MrWassink
0%
2,518mrwhitetiger
0%
4,171MrWorldwide
0%
2,281MrZdechlak
0%
943msafiruddin
0%
1,508Msizzle
0%
5,155msquash364
0%
6,109msumner7
0%
1,786msw00
0%
1,083msxmstr
0%
1,054MTH04
0%
50,565mtthw
0%
85,179mufc99
0%
1,597MUFCDavid
0%
22,639muffingg
0%
1,036MugiwaraNoLuffy
0%
2,048Muhreeya
0%
2,227Munchkin511
0%
5,239MungoJerry
0%
1,561murakaman
0%
1,959MURO
0%
1,631mushroomsteve
0%
3,513musial2k
0%
1,801MusicGeek
0%
5,158musiclistsareus
0%
2,793MusicLoverr97
0%
1,140musicyoutubeandpizza
0%
4,867MustardCustard
0%
929Muzz1998
0%
1,706MV
0%
1,898mv1
0%
10,217myageoldthing
0%
1,133Mycaruba
0%
2,227mykel0717
0%
33,335MyMindWentBlank
0%
957MyOriginalLife
0%
790MysticBug
0%
1,239mzg444
0%
778n0tmuchyou
0%
869n3wcreation
0%
986naatureboy
0%
4,351NaeShawnTheGoat
0%
742nanachounainai
0%
1,184Nanie506
0%
1,071NannChhay
0%
2,350NapoleonBonaparte
0%
1,428NapoleonIII
0%
6,988naroznik99
0%
1,265Natalie123
0%
2,051natemcd20
0%
3,256NateTheRipper
0%
1,147nath140596
0%
1,944nathamatics
0%
762Nathan12
0%
9,944Nathan94
0%
1,109NathanHansle
0%
792Nathaniel2002
0%
2,098NathanProkipcak
0%
1,911nathndev
0%
1,505NatKat
0%
7,066naturel
0%
1,912navywifey
0%
4,267NawTeeCal
0%
3,252NBAFan123
0%
1,113NBAGossipDaily
0%
1,001nc
0%
4,229NCsupercade
0%
760ndj91
0%
2,726Neef
0%
2,784neezzuss
0%
2,415neho
0%
18,455nemo124578
0%
792Nenex
0%
1,743NerdHerd
0%
980nerdyisperdy
0%
842Neref
0%
4,620Nero18
0%
1,995NET18
0%
990netherP
0%
6,600nethinator
0%
933netpunk
0%
4,361Neuschnee
0%
2,233NeverKnow
0%
889Nevermore
0%
1,456new1996
0%
1,237newfdog
0%
1,336neysterxoxo
0%
5,099nf
0%
924nflexpert
0%
752nflrosters
0%
3,128Nh2000
0%
981NHarper85
0%
26,861nhweston1997
0%
2,752Niallator100
0%
4,404niallh834
0%
1,795NiamhAnnDuffy
0%
1,487nibba
0%
4,383nibcab
0%
1,426Nic84220
0%
2,477nichandjerry
0%
2,794Nicholasbellic
0%
1,804Nick4552
0%
4,785nick84
0%
2,257NickenChuggets
0%
1,493nicki1997
0%
30,619nickster720
0%
1,737nicolasPFI
0%
8,572NicoleDiana
0%
1,484nicoringtved
0%
2,255niezasilno123
0%
1,671Nightcap
0%
4,116NightcapSailing
0%
1,373Nighthawk
0%
1,631nightmail
0%
2,275Nightracer
0%
943NightStryder
0%
760NikaMeeh
0%
6,245nikki43ver
0%
5,680nikki77127
0%
1,593nikkoloco08
0%
2,539nil0n
0%
2,321niners1946
0%
742ninjaicebear
0%
1,100ninjalesbian
0%
879Ninjamango11
0%
2,983NinjasHyper
0%
7,068Ninouxosh
0%
1,678Nirvon
0%
7,308Nix
0%
6,411Nix01
0%
948nixieknox
0%
43,159njreed
0%
907NKpride
0%
13,589nmaec
0%
1,429Nmang1
0%
913NMer
0%
2,064NoahRM
0%
4,808NoahRYS
0%
6,679noahvlacich
0%
894Noble6
0%
800nobodyPog
0%
1,912noelk12
0%
1,178NoLimitRoleplay
0%
1,700Nollert
0%
1,402nomad14
0%
16,900NomenDiei
0%
1,153nonexistent
0%
4,816noneya221
0%
12,827noniewiem
0%
51,252nonono
0%
1,253nonsense
0%
757Nonyabusiness
0%
2,209Noob101
0%
1,863Nooblets
0%
5,091noobyi
0%
1,624noodles
0%
8,744nordheim
0%
1,172Noria
0%
1,299Normaiyapan
0%
814Norsu
0%
2,078Northernlord1805
0%
2,714NorthernPower
0%
21,448Notanotherjoke
0%
1,519NotBallet
0%
857NotSweendog
0%
5,337NotWilliam
0%
11,953Npat11
0%
2,168NQChien
0%
1,611nrushfirth
0%
1,348nsa
0%
3,626nuclearcherries
0%
36,755nucos
0%
2,591Nugas
0%
2,826nuhzet1337
0%
2,037Numba1
0%
857Numbuh1Nerd
0%
2,555nunofyoreFNBZ
0%
14,173Nutter
0%
2,441nvrules27
0%
3,068nwc89
0%
1,296nwhitmore
0%
824nxtvh90
0%
2,718nyaggie98
0%
3,699NYG
0%
101,700Nygaut
0%
2,879nymeria1138
0%
14,560nyrethearcher
0%
1,699Nytebreid
0%
1,946NZkiwi
0%
1,051O11i99
0%
1,316oastone
0%
908OatyBar
0%
780ObafemiMartins
0%
1,725Obamendes
0%
5,875obeliskquake
0%
1,526Oblivious
0%
2,764oboebuddy
0%
2,406oceanblue
0%
962ocha
0%
2,104odiseyitaka
0%
17,847office
0%
2,140OfTheMountain
0%
3,501ofuller123
0%
1,017OFWGKTA
0%
15,384ogdenc
0%
11,313Ogoldberg21
0%
3,529OhHeyItsSoph
0%
817ohiostatefan
0%
842OhneZusatzstoffe
0%
1,939ojczulek
0%
1,017OJOdin
0%
38,776olebiatch
0%
11,911olek3173
0%
974OlekGL
0%
10,664Oleslaw2009
0%
4,179oli94
0%
6,816Olinguito
0%
1,039oliviakayb
0%
2,621Oliwiereq05
0%
1,607OllieFootball
0%
7,577olliet0y
0%
952Olos
0%
8,762Olson07
0%
2,446OmarPizarro
0%
2,090OmarVP
0%
851Omega9Alan
0%
14,607OminousNinetales
0%
969Omnico
0%
5,595omnikin
0%
15,294omygosh
0%
5,411onceuponaswan2015
0%
1,051onedirection8
0%
5,024onedirectionlover123
0%
10,651OnlyJon
0%
3,450onorevolev
0%
4,273ooblydoo
0%
847oOitsjustleviOo
0%
3,238opiumshock
0%
3,774OptStudent
0%
2,468opXxkickxXpo
0%
3,407oracle
0%
18,677orange
0%
788orange2345
0%
7,675orangeflag
0%
2,514OrangePanda3
0%
2,433OraNgexPeeLzz
0%
1,651Oraniacz
0%
1,624Oren132
0%
1,823oreoboxx
0%
68,249orez
0%
1,360Oriolesfan13
0%
1,022Ortega
0%
22,005OShee
0%
3,210Osper
0%
1,919OSUox2011
0%
14,979Otavio
0%
811Outleteon
0%
1,285OVOMaKenzee
0%
1,654ovr1971
0%
1,057Owenct
0%
1,631Oxob3000
0%
23,920Ozchris
0%
2,695Ozipossum
0%
908OzlandGaming
0%
1,537Ozols
0%
882Ozzie180
0%
6,063ozzoforest
0%
2,756pablo11pablo11
0%
2,185Pacorascal
0%
2,133Pada
0%
1,187paigeann
0%
990Paigeylea123
0%
12,720PaintedUnicorns
0%
12,256pakman
0%
926paladinskywalker
0%
29,928Palo
0%
1,229palstek
0%
12,639pampelius
0%
7,543PandaBoss1000
0%
742PANDANGU
0%
1,665PanicAtTheDisco98
0%
768pankakeguy64
0%
743PanMalina
0%
84,894PanosG31
0%
943PanSerbia7
0%
15,672pantakour
0%
2,448PapaLOL
0%
835papershieldxS
0%
884Parinter
0%
10,739parisaraxo
0%
822Parisquiz
0%
867ParkereK
0%
4,390parky777
0%
9,163Parnie
0%
1,508pascal3737
0%
782patat
0%
1,226Pater34
0%
806PaterN
0%
1,428Patertot
0%
3,246Patience
0%
8,803patisserie27
0%
4,505PatoPotato
0%
868PatrixTheGamer
0%
63,646PatTag2659
0%
1,373Patyboy
0%
3,707Patyr
0%
8,331PaulMCFC90
0%
26,180PauloMX
0%
877PaulPogballistic
0%
1,623PaulR91
0%
14,645pawelbialypl
0%
7,630pawelkrknh
0%
740Pawelosek
0%
973Pawko
0%
24,939paynette216
0%
58,191Pazza
0%
2,493PB4life
0%
2,029PBirtwistle
0%
1,140pcase81
0%
1,990pconner
0%
1,180pcventures
0%
1,418peachesNcreme
0%
10,172peanut11
0%
4,541Pebbles
0%
2,203pec143
0%
6,719PedoPete69
0%
2,550Pedro
0%
780PedroDamin99
0%
1,039Pedroppams
0%
894Peepshtock
0%
1,456Pega
0%
57,806Pemphredo
0%
777Pendaz54
0%
7,664pennyfox
0%
921Pentax25
0%
1,252peregrineLOTR
0%
946Periboea
0%
763PeridocallyInsane
0%
1,755perpetualdarkness
0%
914perrogrande
0%
33,612peskychocolatedevil
0%
855petavk
0%
7,320PeteBelmar
0%
15,088peterlee1678
0%
3,123petestan
0%
12,595Petey
0%
4,821PetJunk
0%
1,621Petka9898
0%
1,874petulathepug106
0%
1,568peytonogle
0%
1,450PFCdownunder
0%
1,554pg13
0%
935pgunnels
0%
38,000phaines9
0%
5,585PhalanxRises
0%
20,807Phanto1999
0%
3,178phantomfan09
0%
3,364phfran
0%
1,438Phil001
0%
5,975Philips
0%
842Phill580
0%
977PhillySpeciall
0%
995Phoenix114
0%
2,075phoenixcager
0%
3,897Phoenixgirl88
0%
5,860Photop
0%
6,315PHX
0%
6,175PhyscoFormula1
0%
758picklesupreme
0%
812Pido
0%
13,720piemeras
0%
17,818pierroul
0%
1,718pieselek
0%
855Pietu1
0%
1,939Pigface
0%
1,115Pimp92a
0%
1,250pinkchalk
0%
2,267PinkFluffyUnicorns
0%
1,129PinkPearlNebula
0%
2,961Pinquine
0%
45,729Piotr
0%
4,198PiotrusHD
0%
907pipstar
0%
1,861pirloavictor
0%
1,506pislo12
0%
855Pistol
0%
4,173pits44
0%
1,466Pixie196
0%
57,634pixie999
0%
832PJ02
0%
15,577pjcanuck
0%
2,492Pjoteer
0%
1,494Pjoter2115
0%
1,012PjotrL
0%
2,223pjsantos26
0%
1,858pkmncar
0%
1,785PlanNine16
0%
1,024Plantakwatix
0%
911playerz
0%
6,741pleky14
0%
6,172plerkin
0%
4,282Plogop
0%
2,003Plszeregowy
0%
836PltTheo
0%
878PlugSocket69
0%
3,140PM10
0%
1,097Pman53
0%
5,506pmcmahon26
0%
898poipoi
0%
1,769PokeJose163
0%
1,215PokemonDude
0%
58,432Pokemonquiz
0%
1,159Pokenex
0%
1,622PokeQuizz
0%
793pokerface26
0%
1,114PoKi
0%
8,347Polandia
0%
9,986PolarBear20
0%
888Polkumopo
0%
2,454Polonista
0%
955PommeDePin
0%
1,836pompey999
0%
10,538pompeyman7
0%
2,719Pompom1115
0%
14,111Ponderosa
0%
34,394ponnuki
0%
1,963ponson
0%
4,002Ponytaorponyboy
0%
4,332POOP21
0%
30,700popeyeschicken
0%
12,568Poptographic
0%
5,500potatopierogi
0%
1,042PotterWars
0%
1,412Poutchek
0%
1,914powdamonkeyy
0%
1,768Powerek
0%
855powerrangers
0%
5,610prattr
0%
11,029PratyushK
0%
3,855PremiersCBB
0%
5,356preproman
0%
1,511PrEtTyDeAdGiRl
0%
1,083prettygurljayla10
0%
811prettylittleliarsfan
0%
3,701Prevosth345
0%
1,627priebe66
0%
7,977Primetime7429
0%
1,441PRINCESS122
0%
757PrincessAwesome
0%
912printerjim
0%
1,698probablyandrea
0%
3,305probablyrunning
0%
3,314ProfessorPyruvate
0%
8,745profnick
0%
1,046ProGam3r123
0%
2,530propanyl
0%
1,056ProQuizzzer
0%
10,493prTucuma
0%
5,324prummel
0%
1,651PrZeMek
0%
450,451PSTSCCH
0%
34,769PsychoGunnar
0%
2,059pudding
0%
41,757punkempi
0%
3,466punkkiddy
0%
1,490punkybrewster
0%
6,359puntaterrebonne
0%
1,977punter
0%
1,628pupkin23
0%
2,187PuppyLuver
0%
3,250pupward
0%
1,140purevil
0%
1,285purplearwen
0%
1,028PURPLEPICKLEPIE
0%
1,393Pussy1
0%
6,154putnamplaya
0%
1,658pwaves17
0%
1,831pwilly541
0%
1,289PWOR
0%
1,364Pxris
0%
748Pygmalion24601
0%
5,199Pyrolazzer
0%
1,347pyrrhus
0%
5,201QAPleb
0%
951Qasim
0%
6,174qdog99
0%
12,421qeqertarsuaq
0%
1,298qm31
0%
1,179Qmoney04
0%
6,842QRU
0%
22,087QueenBea
0%
41,511queenmaeree
0%
1,559Queenofthefandom
0%
1,210queensmoak
0%
6,038quentin1989
0%
751Quetzalcoatl
0%
2,091Quiggers
0%
1,029QuintanarP7
0%
937quix51
0%
29,467QuizBandit
0%
5,152QuizCrafter
0%
4,800QuizDemon2100
0%
1,530QuizE
0%
1,513quizer4
0%
789QuizFace
0%
1,427QuizFish
0%
738quizgiraffe
0%
2,221QuizGuy2472
0%
1,711quizlegend1998
0%
830QuizMajster
0%
1,431QuizMaker100
0%
1,331QuizMaker222
0%
8,884QuizMakerD
0%
4,038QuizMakerMario
0%
1,120QuizMaking
0%
927Quizmaniak
0%
1,116quizmaster13
0%
1,000Quizmaster2
0%
19,309Quizmaster55
0%
1,193Quizmasterdude
0%
1,696quizmater1804
0%
4,583Quizodor
0%
1,970QuizQc
0%
56,393Quizrush
0%
2,918QuizTaDa
0%
1,085Quiztroll
0%
2,202QuizWiz01
0%
1,499quizwiz76
0%
809Quizzel4444444444444444417700
0%
23,511Quizzer500
0%
1,115quizzerama
0%
14,297QuizzerandJerry
0%
5,249quizzerj
0%
2,619QuizzerMan
0%
5,339QuizzerX
0%
1,124quizzes1234
0%
2,674quizzes15
0%
1,573quizzielizzy
0%
807quizzking
0%
39,852Quizzology
0%
4,506QuizzyMaster
0%
1,020quizzzlol
0%
2,574qwerty987654321
0%
7,211qwertyuiopasdfghjklzxcvbnm
0%
1,636qwsqwsqwsqs
0%
1,472qznite
0%
775R2GFifa
0%
3,730rabar15
0%
2,106Racer1233
0%
1,366RaceZoom
0%
1,038rach123
0%
980rachaelbtf
0%
102,575Rachel24601
0%
1,007Radek2115
0%
15,705Rado23
0%
3,300rae1911
0%
3,705raeven
0%
2,235Rafa1997
0%
2,214Ragester
0%
1,353Ragnar
0%
2,477RahJones
0%
29,837railway14
0%
1,378RainbowBear
0%
990RainmanBg
0%
1,742Raisilvagm21
0%
11,319raj123
0%
1,883rajonrondo9
0%
1,602rakaraven29
0%
3,474Rambo67
0%
1,824Ramnox
0%
1,955Rancor87
0%
2,195randomcamo
0%
1,443RandomGuy10
0%
1,321Randomicity912
0%
1,030RandomSportsKid
0%
2,437raptorarmy
0%
6,453Raptorsfan95
0%
798raquelsmom
0%
1,548raquette2012
0%
2,102Rarity
0%
2,201Rasmus2505
0%
1,951raspberry13
0%
1,586Rassvet
0%
1,707Rassy8
0%
770rastapouet
0%
1,284Rasterize100
0%
1,859Ratchael
0%
1,067Ratchet
0%
1,148Rave2109
0%
776RAVEcanful
0%
1,059raveena
0%
765ravnebassen
0%
40,434RayH518
0%
1,888Rayquaza10
0%
1,025razmatazz
0%
1,103Razz
0%
2,686RBM3
0%
160,902RBM5
0%
1,783rcshelton23
0%
3,667RDH131
0%
13,663RDJ123
0%
5,767rdomad
0%
8,205Ready23
0%
1,123reapersansy850
0%
5,614ReaperYurei
0%
2,567Reb
0%
963Rebecca31496
0%
1,129rebelnighthawk
0%
3,793RebelQueen
0%
2,544redactrice
0%
2,578redecker912
0%
773redingt
0%
1,199REDivy77
0%
901Redkirby
0%
860Redorb
0%
2,367RedPandaBoy
0%
955RedPenguinLol
0%
1,246redrevenge46
0%
3,466RedRock2017
0%
1,503redsfanatic1229
0%
3,276redstar42
0%
19,187RedZombieAngel
0%
851reevezy34
0%
2,544refrigerator
0%
1,988reigningalpha
0%
770Reija
0%
1,166Relbore
0%
9,636Relinquished
0%
1,443rememberfriday
0%
785Remme9000
0%
2,874Remster
0%
13,581Remy45
0%
4,590Reneocondeu
0%
1,368ReneshDevesh91
0%
849RenovatioImperii
0%
1,525reprep
0%
1,005Req128
0%
1,916reul
0%
6,117Revczak
0%
24,609revtodd1
0%
6,487Reyn
0%
791rgnb
0%
1,072rha21
0%
822rhutchins
0%
1,312RhyaCeri
0%
2,482richardkiri
0%
1,080RICKS
0%
2,851Rictusempra2
0%
1,065Riddlerontheroof
0%
1,505ridewarrior306
0%
1,021rigbog
0%
1,721Rignetta
0%
2,059RileyP
0%
2,254Rinkio
0%
1,923rio123
0%
1,426Rioly
0%
4,009RippedJelly4269
0%
16,370Riproar
0%
943RISA
0%
1,311risto
0%
3,048RKJackson95
0%
5,009RKVR
0%
1,841rmaranan
0%
12,905rmasarik2013
0%
888RoadRunner
0%
15,960Rob0tnic
0%
1,654Rob716
0%
804robalot39
0%
9,051robby182
0%
2,299RobertAllan
0%
2,229RobertG
0%
1,910robertgallacher
0%
3,307robertocabanas
0%
1,558Robespierre
0%
4,529RobGough
0%
4,700robsauce
0%
911robster1234
0%
856robvt
0%
4,744rocamorar
0%
1,283RocketLeagueCinema
0%
1,670Rocketleaguefan2112
0%
3,360RockstarMcD10
0%
3,506rockymountaineer
0%
2,876Rococo
0%
5,295rod93gar
0%
44,276Rodman
0%
1,492RodneyTrotter
0%
20,783rodrigost23
0%
2,629Roflknife34
0%
29,809Roger77024
0%
3,997RogerM
0%
1,726Rolniq69
0%
1,965Rolo
0%
5,881Romalulu1708
0%
1,834RonnyIsTheGreatest
0%
1,456roony
0%
9,819rose51
0%
1,201Rosedew
0%
1,593roseheart2001
0%
10,063Rosie37
0%
947Ross12345
0%
1,072rosser24
0%
873rosstheboss
0%
5,628rosyvalerie
0%
1,521rotohanmer
0%
8,586Rotunio
0%
3,056roulettedares
0%
1,859Rowand33
0%
5,219rowdygators15
0%
1,151Roxer576
0%
3,052roxorspade
0%
2,515roxyholmes
0%
30,013RPHXX
0%
2,693RPJ213
0%
3,865RPSQuiz
0%
4,887ruben
0%
849Rubick4lyfe
0%
67,693RudiOhrenstein
0%
1,416rugbyfanatic
0%
1,760ruimateus
0%
2,032rumdog
0%
950runnerinthecreek
0%
6,226russbrook05
0%
91,673ruudsje
0%
3,919RVD614
0%
3,565rwwt
0%
7,092ryan0122
0%
1,077RyanHuntley20
0%
1,916ryaniscool
0%
1,030RyanIsCountryKing
0%
2,541ryank
0%
2,653ryanmayhem
0%
3,434ryanmcdevitt
0%
1,840RyanSem
0%
929rylaa
0%
1,886RynRoo
0%
4,086Ryuzaki
0%
6,923rzkysgm
0%
811S3TH12
0%
1,157S4M8
0%
3,424sabbey97
0%
1,448Sabres523
0%
4,638sacredblue
0%
999SaDeAlKa
0%
873Safarikees
0%
2,053sagarbiswas
0%
1,177Saintforreal
0%
1,251sajlento
0%
10,709salisien
0%
1,147SalmonBoy
0%
1,179salmreynolds
0%
1,773salvadoran
0%
13,445Salz
0%
1,059sam1
0%
1,190sam3aarons
0%
1,731SamandGus
0%
832samantha17
0%
4,120sambadojazz
0%
1,820sambatchelor
0%
2,844sambear
0%
1,389sameerkhan92900
0%
891SameerPagare
0%
1,443SamGould
0%
802Sammy7
0%
10,820Samprasion
0%
1,170samr96
0%
8,425samsafc
0%
10,947samshane27
0%
15,059Samuel281
0%
5,899samueljcoleman
0%
867samuelk
0%
1,165SamwisetheBrave
0%
3,275sanacht
0%
1,585Sander99
0%
1,729sandiandhaz
0%
2,813SanjuCSK7
0%
3,232sanmaddie
0%
1,839santali
0%
914SantiagoFornasir
0%
1,347SantiDaVincio1
0%
3,205santosnut101
0%
94,331Sappa
0%
1,573SapphireLucario
0%
982SappyPinata
0%
1,511SarahBedrock
0%
1,032SarahDragonHeart
0%
1,119sarahg33
0%
1,730sarahlynn1313
0%
70,063Saranghaeyosso
0%
1,304Sarcasmic
0%
12,590Sarcasty
0%
967Sardine69
0%
2,886Sarepska
0%
1,271sarnat81
0%
1,295Sarton
0%
15,811sas8107
0%
1,044SashaHugo
0%
7,552SaturnD
0%
766Saundeep
0%
3,669Savage
0%
892sawmos
0%
873sayhi
0%
2,715saywecanswim
0%
1,252SayWhatNow
0%
835SayZZor
0%
1,899sb13productions
0%
1,362sblizo
0%
10,049sbrodj
0%
2,400sbyrnes
0%
3,442scafellpike1
0%
9,068scalisti
0%
121,284Scanners
0%
1,717ScarabBeetle
0%
1,323Scaro88
0%
1,183scaz
0%
3,324SCD
0%
10,263scdsco
0%
3,655scfr45
0%
2,898Schaffy707
0%
7,800SchickeriaMunchen
0%
1,223schlomo
0%
9,566Schokiii
0%
7,227schooldistraction
0%
2,061schulerd
0%
1,513scootercoconut
0%
85,346scorp1970
0%
935Scotti5h
0%
1,166scottsmall
0%
23,130scottyc
0%
1,656scouts1998
0%
3,093scrapper155
0%
8,927scrapphappy155
0%
19,687scratchdj719
0%
5,102screamingwatermelon
0%
12,542screenname1000
0%
756Screwjack
0%
846scrib
0%
1,430scromth
0%
915scrubberblue
0%
1,054ScrumptiousCrumpton
0%
787scs21
0%
57,034sctupurani
0%
1,635ScytherBlade
0%
2,637sdbk1lls
0%
28,720Seahawkcoke
0%
1,356Seahawks10
0%
12,527sealsi6
0%
1,752sean0507
0%
4,413Seanito
0%
958seanxytv
0%
750Sears66
0%
4,784sebi878
0%
25,106SeekerSpock1
0%
3,453Seekin
0%
2,173sensfan123
0%
1,330Sensfan8
0%
180,203sentenzzza
0%
1,354sep91396
0%
23,929SerbMan
0%
1,536sergifab1
0%
2,129Sergiu1998
0%
952sergueibubka
0%
9,912Serkapl
0%
3,534serpentiner
0%
9,122servo5
0%
2,536setnme00
0%
1,525seveneleven
0%
2,704SevenWilliam
0%
796Sevoty
0%
842Sgrace123
0%
1,587sgtmike83
0%
2,438SH14
0%
868Sh1mogen
0%
820SH4D0WSP4RT4N97
0%
22,641Shade9099
0%
1,291shado474
0%
11,413shadow8it
0%
7,341shadowband
0%
2,135ShadowDrummer
0%
1,019Shadowfiend23
0%
10,227ShadowTabby
0%
9,629Shah27
0%
2,485Shaihecker
0%
2,803ShaneLad
0%
1,456shanetaylor
0%
937shannon2121
0%
12,795shannontheunicorn
0%
2,024Shaq1606
0%
2,423SHARK
0%
1,821SharkGirl8
0%
994Shaunkav
0%
1,184shay14
0%
1,821sheebleze
0%
2,944Shem
0%
1,061SherlockandSupernatualmad
0%
1,808sherlockholmes9
0%
3,916shetland92
0%
927ShiftyMelon
0%
3,309shig
0%
1,252Shilghter
0%
2,510Shiloh376
0%
3,114shimpals
0%
1,482shiny12345678902
0%
21,651shiraishi722
0%
3,831shmily77
0%
1,250shonal123
0%
1,668shooblie
0%
983shook
0%
737Shortty10
0%
3,289shorty
0%
2,176Shosho1811
0%
13,899shrek22
0%
31,548Shuaib
0%
2,124shubhahaley106
0%
1,098sianoconnor
0%
2,438sidewinder
0%
1,295Sidgy
0%
3,601Siejson
0%
12,770sierraistheshiz
0%
2,664Silas666
0%
10,374SilverDun
0%
2,753Silverpalm009
0%
6,975SilverSpike65
0%
852Silverwingzs
0%
4,003Simon1006
0%
1,061simonbelmont
0%
2,294SimonJ7567
0%
895SimonWS
0%
913simplesimon
0%
119,237Sinarya
0%
7,033Sinclock
0%
5,666Singapore
0%
1,597singingismylife1116
0%
2,670sinned22
0%
817sio2
0%
1,033sirgankzalot
0%
2,021Sirius78
0%
9,835Sirlandlord
0%
1,665SirOnion32
0%
6,269SirRichardBranson
0%
896SirVito
0%
3,945sisley
0%
1,564sister67
0%
1,101SivacharanSri24
0%
2,192siwy
0%
867SiwyWitold
0%
21,263sixersfan88
0%
31,189Sixfootbeachgod
0%
1,686Sjawel
0%
986Skadzz
0%
34,607Skamps
0%
974skandz
0%
2,306SkarletKitty
0%
1,433skatem
0%
858SkaterJord
0%
3,428SkeletonClique
0%
1,962skiesboy
0%
3,624skilletbrew
0%
2,693skillmaster9000
0%
1,199skinflute33
0%
1,095Skirs6
0%
16,442skirt6
0%
1,008SkiTheEast
0%
2,621skittles
0%
1,752SkullBoy
0%
1,209skvlvr96
0%
1,346Skyden
0%
1,111SkyelerMaxwellSudia
0%
1,294skyerzz
0%
996SkyjumperTalon
0%
1,375Skyler
0%
1,368Skymatone
0%
2,117Skynyrd9
0%
6,606slackaxeable
0%
904Slasher1309
0%
1,328Slavo97
0%
746Sleena
0%
768slenderman42
0%
2,280slgates
0%
932slidingtacos
0%
1,201slimpasty
0%
19,921slimshady1551
0%
80,696slkrr9
0%
799SlothBomb
0%
1,254slsl2000
0%
3,544slugcharger
0%
922slurpherp
0%
1,104Slushpac
0%
1,867SM1
0%
2,259smartcookie17
0%
9,368smartguy2
0%
2,228Smethix
0%
1,198SmilieStef
0%
874smith77
0%
3,722Smithy100
0%
1,675Smolinio
0%
2,341Smoo
0%
819SMUFC1
0%
2,414snailx
0%
11,687snake51389
0%
863SnazzyBean
0%
2,622snmsac
0%
2,425snoofilo
0%
785snowa
0%
10,403SnowEagle
0%
2,907Snowman13
0%
3,957snowywolf1020
0%
2,875Soccer99
0%
909Soccerman
0%
4,016soccersquads
0%
763SoccerSquadzzzz
0%
3,429Soccerstud
0%
3,283SocialOwlSarah
0%
2,138socziX
0%
2,606soda15
0%
3,550Softballer14
0%
1,183soken
0%
5,488Solstice
0%
4,985sombat92
0%
3,602someone12
0%
1,149sometimesmynameiskevin
0%
82,030Sonko
0%
3,667sophiee
0%
1,665Sora54329
0%
756soryuju
0%
1,108Soso0909
0%
1,008Souron
0%
1,388SouthSandwichIslands
0%
21,707SouthwestChief
0%
828Sowaz18
0%
3,695sp3nk1
0%
1,135Spam286
0%
1,635Sparkxmkw
0%
1,317Speersy1997
0%
5,344spencer2232
0%
6,198Speuce
0%
881Sphenesadae808
0%
1,384spicycurry
0%
3,799spiderM98
0%
3,226Spiel89
0%
1,534Spillo
0%
1,152Spleensmith
0%
1,080Sportsarelife
0%
806sportsfan42
0%
3,103SportsQuizzer
0%
780SportsQuizzes
0%
1,301Springgymnast30
0%
967sprk
0%
1,166spudge25
0%
761spurther
0%
4,115Sputnix
0%
801Squaddo2102
0%
1,446SQUBANYT
0%
5,633squidpsyco
0%
1,289SquishyMuffins
0%
758srfisher2
0%
29,252srhawks
0%
1,344Srrrp
0%
1,495srsharpe33
0%
6,647srtadeichler
0%
1,341srvanzandt
0%
8,532Sryan
0%
736ssm99
0%
874sssb
0%
1,060Stadtgespenst
0%
4,741stanleysketch
0%
2,476starbury
0%
1,484starksrussek4
0%
6,733Starpusd
0%
2,777starrowie
0%
1,541statcounter
0%
864Statnerd95
0%
845Ste49
0%
948stefan13
0%
1,930StefanD277
0%
2,206stehmo
0%
1,782Stella
0%
4,305stellan123
0%
1,150stellathecat15
0%
769Stemogoma
0%
10,042Stephenf333
0%
6,613stervens
0%
11,285StevieRed
0%
13,390Stevo44
0%
1,067Stevo6612
0%
7,459Stickman8
0%
803StiDark
0%
2,018stidmatt
0%
1,442stigni88
0%
805Stingaz
0%
2,151stirling7
0%
944Stirlo
0%
8,654Stiwi99
0%
2,774STLCardinalFan12
0%
18,102stockiebasher97
0%
1,151stoney1997
0%
51,947stoooopot
0%
1,346Strabo
0%
2,270StrawberryLacies
0%
810strikedu13
0%
21,669StringsRule
0%
1,285Strinker
0%
746Strobbari
0%
2,588stromae
0%
32,804stuart8480
0%
8,669stuartdfallon
0%
1,290StudioGarfield
0%
4,665studyquizzes
0%
1,618StumpyDonkey
0%
1,062stuza1
0%
1,168stylus
0%
778Subhash4web
0%
1,572sulliho
0%
2,731sully23
0%
9,451Sulps
0%
1,580sumguy
0%
7,850Summerka
0%
790Summertoad
0%
4,472summerv68
0%
3,585Sunderlandblackcats
0%
3,375sunsethour
0%
77,254SunsetSunrise
0%
2,717sunshinecity
0%
1,944Superawesomeguy77
0%
1,400SuperCat
0%
1,614Superman07
0%
867supermansmum
0%
2,796Supernowa
0%
1,449supersploder19
0%
1,436SuperTurtle190
0%
4,672SuperWhoLocked
0%
1,535SupremeSoviet
0%
2,881surfcali
0%
8,850SURfing
0%
4,157sushi64w
0%
1,434Susie222
0%
41,204swagjunction21
0%
1,517SwampyThrowerBoy
0%
783swankeyman
0%
3,173Swanseajoe
0%
1,813sweeprower
0%
1,819Swegman
0%
4,252swilders
0%
790swimgirl0
0%
1,150Swimmer1996
0%
742Swish
0%
1,087Sxerks3
0%
1,904Sylannh
0%
11,144Symmetrik
0%
2,381Synchrotron567
0%
1,072Synvan
0%
7,262syriusz
0%
1,035Systempro99
0%
3,283szczepek881
0%
6,146Szosti
0%
2,568szyech
0%
1,498T4TIMES
0%
1,123t90
0%
9,740TabiPDay
0%
958tabletopchaff33
0%
880tabm2
0%
18,209TAC0DDDDDUDE
0%
10,811Tacitus
0%
1,082Tacoman360
0%
2,053tacosalad
0%
3,354Tadeu
0%
1,282taeismypabo
0%
4,947Tajemniczy15a
0%
1,325Takana
0%
11,093takman
0%
2,647Takokin
0%
2,434Talia1997
0%
2,268Talim76
0%
1,312tamandjer
0%
1,127tamara
0%
1,121TangoMike
0%
2,249TanithEdgley
0%
16,020TankDempsey
0%
1,294tann
0%
4,556TannuTuwa
0%
1,010tara05
0%
3,662tara14
0%
1,086TaraMaclay
0%
1,517tarheelgirl22
0%
4,255TarsTarkas
0%
1,535Tasamukianti
0%
2,403TashaSykes13
0%
1,514tassysurfer
0%
3,455Tastymeatpie
0%
14,455Taylorswiftquizzes
0%
1,620Tbanger18
0%
1,525tbeck502
0%
1,874TBizzle
0%
4,465tcnorden
0%
3,593TD303
0%
891TDubz
0%
1,081tea2010
0%
938teagardner
0%
1,420TeamKnowledge
0%
736TeamMaddie
0%
3,847teaton816
0%
2,459tedmack13
0%
2,397Teessidemumof4
0%
4,093teewhy
0%
938Teisha
0%
763Telos
0%
3,943Temperedvortex
0%
804Tempest01
0%
3,592tencrazies
0%
976TenderHeart
0%
37,355tengland
0%
1,360tennisaddict814
0%
778TennisHead
0%
6,893Tercko
0%
1,043Terkacz
0%
3,071Terradraconum
0%
936Terrian10
0%
2,953tets
0%
1,361tgarcia
0%
59,761thalassemia
0%
766ThatDavidGuy
0%
818ThatGrym
0%
9,124thatsabitgreen
0%
1,353The66thDopefish
0%
5,049TheAdderNoir
0%
787TheAdventerousGamer
0%
1,160TheAlbumGuy
0%
1,433TheAmixxPL
0%
2,138TheArchitect
0%
3,521theatrenut14
0%
1,107TheBarbequer
0%
1,006THEBEASTGR8
0%
1,329thebest21
0%
1,796thebigfebowski
0%
867TheBOSSdIGGER2002
0%
3,660TheBoys12
0%
1,766TheBritishStereotype
0%
3,999TheChaser
0%
748TheClassicist
0%
1,007thecodfathers
0%
91,188thecoolestdude2
0%
1,171TheCreeper
0%
2,646thedandan123
0%
1,755TheDarkProphecy
0%
3,157TheDoctor1212
0%
1,396thedodoking
0%
1,168TheDolph
0%
2,124TheDorkyDragon
0%
1,448TheDuke2000
0%
3,001TheFlame
0%
890TheFlamingo
0%
2,139TheFlash3
0%
999theflash5742
0%
2,449thefootballpro
0%
5,102TheFootballQuizGuy
0%
2,264TheGeographyGuy
0%
9,283TheGiantCookie
0%
1,141TheGreenLeaf
0%
9,596TheGreyAvenger
0%
1,256TheHawkinator
0%
3,468TheHitmanStewart
0%
2,876thehoneybadger
0%
942thejackamundo
0%
2,067TheJettSet27
0%
2,230TheJimDawson
0%
3,120thejoshgray
0%
2,853thejuanandonly
0%
868TheKliffGamer21
0%
53,975theLAYTshow
0%
2,316TheLegend27akaKristaps
0%
8,578thelittleRAWR
0%
4,815themaix
0%
2,159themanwiththeplan
0%
778thenamesspike
0%
18,515TheNewPotato
0%
1,525TheNewYork
0%
2,179TheOneAndOnly
0%
773TheOriginal
0%
2,711TheQuizard
0%
1,139thequizman
0%
2,277THEQUIZMASTER63
0%
2,748TheQuizTaker
0%
1,619TheQuizzler
0%
1,308TheRandomGuy
0%
1,718TheRazzleDazzle
0%
38,905TheRealerFamoside
0%
866therealpopeye
0%
3,110therealteanor
0%
1,470theRealWinner
0%
1,056TheRobert
0%
908TheSeagull
0%
13,823TheShadow
0%
904TheShadowRooster
0%
907TheSixthMan
0%
3,826TheSMan1253
0%
7,744TheSocialRejects
0%
998TheSqu7234
0%
2,697TheTerminatorsShadow
0%
15,351thetoonquiz
0%
29,332TheWombat
0%
19,010ThisIsAGreatUsername
0%
1,955thisisfun
0%
5,403thisismyscreenname
0%
2,310ThisIsPatrick
0%
11,738ThJ2704
0%
925THobbes1651
0%
4,276Thomas12
0%
931ThomasAndersonn
0%
1,814thomasbarbeau
0%
1,065thomasbrowniesangster
0%
1,745ThomasEdwards
0%
1,036thomasglk
0%
1,202ThomasLd
0%
3,038thomsonclass
0%
1,153Thorvald
0%
1,006ThorwaldGustav
0%
3,569Thucydide
0%
4,164ThunderQuiz
0%
839Tia
0%
1,504Tibamada
0%
1,103tibo
0%
6,991tiekhere
0%
4,318tielenhei87
0%
2,982tieup
0%
2,656Tiger1313
0%
1,147tiger7
0%
3,231TigerACE011
0%
882Tigerforest
0%
1,163Tigerstar144
0%
773tilovemasseffct
0%
798Timbenz
0%
2,900TimeToTimee
0%
2,397Timmy1121
0%
788timmyboy
0%
2,452timo2210
0%
2,596TimTheEnchanter
0%
3,399Tinco
0%
10,756TinkyFitchFeeley
0%
1,083tintagreen2
0%
2,502TiredBaka
0%
1,233TitiK
0%
1,154TJM93
0%
1,144tjmoores
0%
5,305tjventura
0%
2,239TL4712
0%
13,273tlebo
0%
891TlnKrNoortekas
0%
28,654tmaster52
0%
20,551tmeenai
0%
2,129ToasterKing
0%
1,777Toby2001
0%
7,738toccina
0%
31,174ToilAndTrouble
0%
1,775Tokkemon
0%
2,088TokyaCro
0%
6,863Tokyotokkyokyokakyoku
0%
5,133tom1
0%
3,364Tom1234567890
0%
905Tom1864
0%
851Tom2121
0%
41,471tom88
0%
41,091tomato
0%
5,153TOMC4T
0%
4,504TOMek
0%
1,205TomekDobryZiomek
0%
1,023TomH2307
0%
1,652tommo1d
0%
1,434Tommy74
0%
1,509Tommy86669
0%
2,456tomohawk123
0%
1,102TomosWheldon
0%
742tomppa408
0%
1,445tomsta234
0%
1,295TOMUSH
0%
1,314tomwinkler95
0%
1,266tonelico
0%
2,548Tony
0%
3,233tony8731
0%
1,023TonyStarkIronman
0%
3,017tonza90
0%
1,816TOOCOOL4YOU
0%
3,894Top10JetPunk
0%
938TopDonMus
0%
1,443TopTen101
0%
2,478torigj99
0%
1,490Torilass
0%
2,629toripii
0%
5,528torny81
0%
2,003tosoec1999
0%
20,199Toster
0%
3,225Totallynotlucas
0%
11,193totoc
0%
110,278totolulu
0%
289,479Tottenham63
0%
835tottenhamspurs
0%
1,137Touchscreen
0%
4,980touis
0%
2,719towandakitty
0%
1,036ToxicSheep13
0%
1,639tpain
0%
737tra123
0%
797tracidawn78
0%
2,384Tralala02
0%
1,083tralalalalala
0%
2,384Tralfazz
0%
1,025Tramontane
0%
5,468tranceterrier
0%
1,156Travelnoreason
0%
4,905trecki16
0%
943TReginiussenCSC
0%
749treshombres
0%
11,040Trex821
0%
1,559TRIALSEVOLUTION244
0%
6,303tribefan716
0%
12,043tripleh217
0%
25,445triplestar3
0%
3,932TRIPMITCH33
0%
839TrippG
0%
1,509Trippy
0%
1,743Tristan458
0%
7,096Tristian363
0%
5,288TriviaMaster609
0%
784trivianewtonjohn
0%
2,617trivstar
0%
13,681Trixie160
0%
1,445Trohjell
0%
4,145TroisJuillet
0%
3,007Trolololz
0%
1,511trombonekid98
0%
1,421TroTiVi
0%
19,790Troublesomebirdsong
0%
1,118trudel2981
0%
3,206TrueBloodEpisodes
0%
3,329TrueWolf
0%
926trumpet2002
0%
1,130TRZ2013
0%
18,382tschutzer
0%
2,465tshebz
0%
3,482TShoe
0%
1,697TSMGlyph6
0%
1,395Tsubamex
0%
838TsuupelinDuupeli
0%
5,427tswizzle321
0%
1,154ttt
0%
1,008tubbyj
0%
1,872Tubi
0%
5,585Tunners96
0%
2,252turkeyboi
0%
2,577Turooo
0%
1,051turtle22
0%
3,562Tutto
0%
15,031Tvic
0%
2,981tvlover97
0%
1,037twd4
0%
775twentydunpilots
0%
1,797twentyonetinas
0%
2,542TwieWolle
0%
3,201Twigganator
0%
1,600TwilitHero
0%
749Twins28
0%
1,389twinzie2
0%
975twistermaster
0%
2,043TWM03
0%
1,240tyler1999
0%
17,489TylerH
0%
14,709TylerKutschbach
0%
1,168tylman9
0%
2,361Typek81
0%
1,929tyr4nt07
0%
1,882TysonB11
0%
2,219tytheNBAquizmaster
0%
8,672Tzadqiel
0%
6,522UbERhAxx31
0%
2,437UbeRookie
0%
835ucferret
0%
15,973UltraSven
0%
2,097uluk7
0%
4,724ulysse19
0%
769um
0%
1,416unagi
0%
2,450Unavailabull
0%
2,006unc8823
0%
1,199Uncle2fire
0%
15,032Underneath
0%
906unicornpoop444
0%
1,509unicornrider
0%
4,709UnitedStatesQuizzes
0%
10,120unknown2000
0%
7,539UnknownMrB
0%
760UnknownUser
0%
4,559urben
0%
983usaAmerica
0%
2,253UsagiJoe
0%
12,657User2000
0%
3,409uwansumM8
0%
2,554Uxinator
0%
3,069v23
0%
4,265v3ntyl
0%
1,040Valcos
0%
95,022valdo94
0%
7,027Valta
0%
780vandam12
0%
1,371vaneve
0%
2,630VanilleFramboise
0%
6,993Varda
0%
1,135various
0%
41,763varvoy
0%
940Varyn
0%
974VasileVictor
0%
1,210Vatharian
0%
24,081vazilega
0%
5,111Vcaze11
0%
1,639vdkkenny
0%
1,390Vekoma
0%
2,043Veljanos
0%
1,264Venca121
0%
2,563VenZu
0%
17,692VeraCalabrese
0%
806VerbYourEnthusiasm
0%
14,902Verdi
0%
3,506vermillionaire
0%
2,163Vermouth
0%
1,221VespidNecro
0%
1,335vesquivel87
0%
5,288vf
0%
1,199vfbquiz
0%
9,338vferre
0%
2,178Vicipeid12
0%
1,263VICKtorious7
0%
742victorbonnefoy
0%
912victoriaryan000
0%
879Victoulapin
0%
3,747video65
0%
14,475Viktorlaki
0%
1,124VileEverett
0%
28,489Vincentg29
0%
898vincentzebos
0%
1,123vineyard
0%
905violindsay
0%
1,317Vito3
0%
1,879VivianDarkbloom
0%
813VivianGrassi
0%
757Vix101
0%
14,657VKOOKISBABE
0%
1,909vladi98
0%
1,159Vladonetska
0%
37,099vlm64
0%
1,085VloraAshiku
0%
1,103vm4
0%
1,156VMinKook
0%
1,617VonZaworro
0%
2,921Voxelicus
0%
9,227vprincessish
0%
3,557vsage44
0%
788VsauceIsCool
0%
1,328vulture
0%
1,338Vxster
0%
2,085vytas
0%
2,729w2b2l2
0%
2,652WackyAnteater
0%
983Wade
0%
8,843Wailord321
0%
2,375waisik
0%
2,398Walacama
0%
770Walkingdead083101hr
0%
8,680Walrusid
0%
6,883WalrusTheSailor
0%
14,146wampeter57
0%
12,035WanPanFam
0%
12,313warmachine
0%
1,021wasil
0%
22,671Wassboss8
0%
11,839wasserwand
0%
17,345Waww
0%
2,489wdv55
0%
14,402Webfoot
0%
4,982webkinztoco123
0%
1,279Wedling
0%
822weemorg
0%
1,309Wegier
0%
1,261weirdoman
0%
3,585welshdude94
0%
7,291Wenge
0%
7,786WENISPARTYCREATIONS
0%
1,147Werifesteria
0%
5,101wertzu
0%
1,441Wesley11
0%
1,695WesternnYT
0%
2,508westernotaku
0%
958WestMidlander
0%
1,249WestSide25
0%
7,034WetTurtle
0%
881whatevera2002
0%
11,879whatisair
0%
2,008whatsitsworth
0%
2,472WhelkMan
0%
176,628WhiskeyTangoFoxtrot
0%
2,183WhyBotherTry
0%
803whyyoualwayslyin
0%
1,885Wiikipedia
0%
2,486wiki19190
0%
1,441Wiktoria
0%
853WildStrawberries
0%
789Wilko31
0%
6,160Will10
0%
12,849willandhisafro
0%
4,024willbury88
0%
740Willc
0%
3,322WillDill
0%
4,117WillemLAif
0%
1,233williamthered70
0%
1,314WilliGeelli
0%
1,088Willis
0%
2,606willisalad
0%
2,677willjonez
0%
1,099WillWright
0%
4,515Willytheninja
0%
1,020WillyWerk
0%
1,990WillyWoods
0%
6,092Windchill7
0%
1,679WindsOfGauldron
0%
3,615winemom
0%
883Wingedwheel
0%
1,772Wirayudha
0%
12,331Witch44
0%
1,139Witchgirl
0%
2,167wizzywhite
0%
7,136WJM
0%
1,361wlb101996
0%
1,966Wojtala
0%
1,941wojtaw
0%
899wolfather
0%
2,914wolfdewolf
0%
3,175wolfiee
0%
1,067Wolfy
0%
1,042wolverineinohio
0%
30,507WoodyJohnson
0%
6,353World1945
0%
1,036WorldGeography
0%
845woshiwaiguoren
0%
30,502Woyr01
0%
2,041wquillen1
0%
4,795Wtanner
0%
38,382wtstoudt
0%
1,777Wulfj4ws
0%
907Wulfjaws
0%
4,360wuqijun
0%
8,378wurzigthunfischrollen
0%
4,393wv2ca2la
0%
1,318WW2Fan
0%
3,157wwefan1989
0%
1,596WweGurl
0%
2,861X23FRAcaso
0%
1,139XanMan
0%
29,925xaphoonucrazy
0%
1,325xbradz11
0%
1,509xhriscomedy
0%
2,178xirya
0%
2,339xjd299
0%
6,396xkhan44x
0%
4,349xkrzyz
0%
776xksrei
0%
2,984Xmaster555
0%
1,074XottDawyd
0%
1,992XPW
0%
5,383xSACvSACx
0%
1,281xterminate
0%
6,627xtremesecretary
0%
776xway
0%
5,861xxcaitlin318xx
0%
2,243xxEBZDOG1Rxx
0%
1,512xxisaabelle
0%
849xxitstallionxx
0%
19,961xXSeanCuber22Xx
0%
2,586xXxTrUtHxXx
0%
1,315xxz
0%
14,691XylophonicMap
0%
948xyz17
0%
1,140Y0L055
0%
909yabiz
0%
1,134yakimafats
0%
1,349Yankees
0%
23,922yankeh
0%
1,296Yanne
0%
3,091yannforte
0%
3,485yannick0070
0%
2,641YantheMan
0%
42,049yappypants
0%
989YaroVLB
0%
2,614yaser0
0%
2,759yatagarasu
0%
1,820Yazan
0%
2,354yazmynellis
0%
946YeezusFan33
0%
2,868Yekyu28
0%
4,332YellowJacket
0%
10,633YerevanNaypyidaw
0%
1,605yewell
0%
1,598yirmi
0%
1,278YK
0%
5,145ylj
0%
15,734yllek9999
0%
11,220YLO7
0%
875YMA
0%
2,091yoato12
0%
1,200YogBarOg
0%
2,863yohotjoe
0%
9,415Yokos
0%
29,739YOLOMATE
0%
969YoloSwag
0%
2,077yoloswag420
0%
833yomarcos
0%
1,343yonicrabe
0%
1,989yoojung2615
0%
4,671Yosherax
0%
1,950YoshiYoshi555
0%
6,506YouBeAskingAllThemQuestions
0%
3,547YouGonLearn2day
0%
18,940YoungSinema
0%
1,607youngswiss
0%
153,538Youri704
0%
10,348Yourik
0%
831youwannabeontop
0%
902YoYo1234
0%
4,380yoyo541
0%
1,134YoyoPika
0%
2,189Yrk
0%
837ysabow
0%
4,379YubelDark
0%
3,768yuf
0%
8,456yugiohfangirl
0%
1,066Yukhan
0%
17,396yunoe
0%
1,830yuzhuk
0%
1,001yy
0%
2,946Zacblue
0%
1,171ZacG
0%
22,896zach12
0%
74,915ZacharyGeorgeNN
0%
1,907Zachh
0%
7,595zachyal
0%
1,610zack2000
0%
2,448Zack2418
0%
2,898Zaifox
0%
1,077zajaczki
0%
15,007Zajega
0%
1,033Zak78870
0%
19,447Zakattack
0%
17,433ZakIvantheTerrible
0%
855zangetsu17
0%
1,594Zangoose
0%
3,805Zappy
0%
11,134Zaquking
0%
910ZaraLou123
0%
5,080zaratustra
0%
1,546Zaroo77
0%
5,865zatooo
0%
2,013ZefirEn
0%
164,606Zefyrinus
0%
863ZenaT139
0%
919Zenithian
0%
1,672Zenon
0%
19,403zephyr226
0%
2,806ZeroAlonzo
0%
1,961Zetooon11
0%
900Zeus
0%
1,894zghoundi8
0%
2,146zgold
0%
932Zharvey
0%
2,436ziggy8255
0%
2,020ZigZag12690
0%
871Zijuatanejo
0%
856Zilyana
0%
1,175zipper1921
0%
4,311zirO
0%
890ziutekj12
0%
6,830zizou
0%
26,754zizzers4
0%
39,493Zlake
0%
1,590ZMAF12
0%
4,864znarq
0%
61,492zoidberg
0%
4,529zombieeaters
0%
971Zorritochido
0%
848zpicker
0%
5,064ZR93
0%
3,260zthenark
0%
1,426zukiyaki
0%
1,393zurigirl
0%
20,686zuzia
0%
815zven2zven
0%
1,494ZwartebroekengeIetrui
0%
1,423zwerth66
0%
318,746zwizdan007
0%
897Zychobian
0%

Score Distribution

Percentile by Number Answered

Percent of People with Each Score

Your Score History

You have not taken this quiz since the last reset